{"text_format":"2","workbook":"xlsx","n_sheets":5,"sheets":["ORÇAMENTO","CPU","BDI SERV","BDI FORN","CRONOGRAMA"],"not_rendered":{"charts":0,"images":2,"macros":0,"external_links":0,"defined_names":5,"comments":1,"pivot_tables":0},"unopened":[],"bounds":{"document_bytes":16777216,"sheet_cells":100000,"run_cost":"one","rows_first":2000,"rows_last":500,"rows_between":2000,"halvings":0,"cell_chars":16384,"cell_head_chars":4096},"cells_cut":0,"cells_raw":0,"read":"whole","date_system":"1900"}

{"sheet":"ORÇAMENTO","index":0,"n_rows":36,"n_cols":9,"rows_kept":36,"cut":false,"hidden":false,"merged":[[35,1,35,2],[0,0,7,0],[0,2,0,8],[1,2,1,8],[2,2,2,8],[4,2,4,8],[5,6,5,7],[6,1,6,2],[6,6,6,7]]}
["<---- NUMERAR SERVIÇOS PARA CPU",null,"Ministério do Desenvolvimento Regional"]
[null,null,"Companhia de Desenvolvimento dos Vales do São Francisco e do Parnaíba"]
[null,null,"1ª Superintendência Regional"]
[]
[null,"OBRA: ","LONTRA - PAVIMENTAÇÃO ASFÁLTICA EM CBUQ - VIAS DIVERSAS "]
[null,"DATA:"," OUTUBRO / 2023   ",null,null,null,"BDI Serviços:",null,{"$f":"'BDI SERV'!D31/100","v":0.21230000000000002}]
[null," PRAZO DE EXECUÇÃO:     120 DIAS",{"$nulls":4},"BDI Fornecimentos:",null,{"$f":"'BDI FORN'!D31/100","v":0.15}]
[null,"ITEM","DESCRIÇÃO","REFER.","UNID.","QUANT.","P. UNITÁRIO","P.UNIT.C/ BDI","P. TOTAL"]
["A",1,"SERVIÇOS PRELIMINARES ",{"$nulls":5},{"$f":"SUM(I10:I14)","v":138320.34}]
[1,"1.1","MOBILIZAÇÃO E DESMOBILIZAÇÃO","CPU.1","GL",1,{"$f":"VLOOKUP(A10,CPU!$A$1:$N$4651,9)","v":13860.2},{"$f":"VLOOKUP(A10,CPU!$A$1:$N$4651,10)","v":16802.72},{"$f":"ROUND(F10*H10,2)","v":16802.72}]
[2,"1.2","ADMINISTRAÇÃO LOCAL","CPU.2","GL",1,{"$f":"VLOOKUP(A11,CPU!$A$1:$N$4651,9)","v":83472.72},{"$f":"VLOOKUP(A11,CPU!$A$1:$N$4651,10)","v":101193.98},{"$f":"ROUND(F11*H11,2)","v":101193.98}]
[3,"1.3","CANTEIRO DE OBRAS","CPU.3","GL",1,{"$f":"VLOOKUP(A12,CPU!$A$1:$N$4651,9)","v":9144},{"$f":"VLOOKUP(A12,CPU!$A$1:$N$4651,10)","v":11085.27},{"$f":"ROUND(F12*H12,2)","v":11085.27}]
[4,"1.4","PLACA DE OBRA EM CHAPA DE AÇO GALVANIZADO",103689,"M2",3,{"$f":"VLOOKUP(A13,CPU!$A$1:$N$4651,9)","v":340.5},{"$f":"VLOOKUP(A13,CPU!$A$1:$N$4651,10)","v":412.79},{"$f":"ROUND(F13*H13,2)","v":1238.3699999999999}]
[5,"1.5","SERVIÇOS TOPOGRÁFICOS PARA PAVIMENTAÇÃO, INCLUSIVE NOTA DE SERVIÇO, ACOMPANHAMENTO E GREIDE",78472,"M2",20000,{"$f":"VLOOKUP(A14,CPU!$A$1:$N$4651,9)","v":0.32999999999999996},{"$f":"VLOOKUP(A14,CPU!$A$1:$N$4651,10)","v":0.4},{"$f":"ROUND(F14*H14,2)","v":8000}]
["B",2,"TERRAPLANAGEM E PAVIMENTAÇÃO",{"$nulls":5},{"$f":"SUM(I16:I22)","v":645849.4}]
[6,"2.1","ESCAVAÇÃO HORIZONTAL EM SOLO DE 1A CATEGORIA ",101116,"M3",3000,{"$f":"VLOOKUP(A16,CPU!$A$1:$N$4651,9)","v":2.2000000000000002},{"$f":"VLOOKUP(A16,CPU!$A$1:$N$4651,10)","v":2.67},{"$f":"ROUND(F16*H16,2)","v":8010}]
[7,"2.2","CARGA, MANOBRA E DESCARGA DE SOLOS E MATERIAIS GRANULARES EM CAMINHÃO BASCULANTE",100976,"M3",3000,{"$f":"VLOOKUP(A17,CPU!$A$1:$N$4651,9)","v":8.7100000000000009},{"$f":"VLOOKUP(A17,CPU!$A$1:$N$4651,10)","v":10.56},31680]
[8,"2.3","REGULARIZAÇÃO E COMPACTAÇÃO DO SUBLEITO ",100576,"M2",20000,{"$f":"VLOOKUP(A18,CPU!$A$1:$N$4651,9)","v":2.57},{"$f":"VLOOKUP(A18,CPU!$A$1:$N$4651,10)","v":3.12},62400]
[9,"2.4","EXECUÇÃO E COMPACTAÇÃO DE BASE E OU SUB BASE PARA PAVIMENTAÇÃO DE BICA CORRIDA - EXCLUSIVE CARGA E TRANSPORTE",96396,"M3",3000,{"$f":"VLOOKUP(A19,CPU!$A$1:$N$4651,9)","v":111.95},{"$f":"VLOOKUP(A19,CPU!$A$1:$N$4651,10)","v":135.72},407160]
[10,"2.5","IMPRIMAÇÃO COM EMULSÃO ASFÁLTICA (EAI)",96401,"M2",20000,{"$f":"VLOOKUP(A20,CPU!$A$1:$N$4651,9)","v":1.23},{"$f":"VLOOKUP(A20,CPU!$A$1:$N$4651,10)","v":1.49},29800]
[11,"2.6","PINTURA DE LIGAÇÃO COM EMULSÃO ASFÁLTICA RR-1C",96402,"M2",18000,{"$f":"VLOOKUP(A21,CPU!$A$1:$N$4651,9)","v":1.01},{"$f":"VLOOKUP(A21,CPU!$A$1:$N$4651,10)","v":1.22},21960]
[12,"2.7","EXECUÇÃO DE PAVIMENTO COM APLICAÇÃO DE CONCRETO ASFÁLTICO USINADO A QUENTE (CBUQ), CAMADA DE ROLAMENTO - EXCLUSIVE TRANSPORTE",95995,"M3",540,{"$f":"VLOOKUP(A22,CPU!$A$1:$N$4651,9)","v":129.6},{"$f":"VLOOKUP(A22,CPU!$A$1:$N$4651,10)","v":157.11000000000001},84839.4]
["C",3,"TRANSPORTE DE MATERIAIS",{"$nulls":5},{"$f":"SUM(I24:I27)","v":216644.01}]
[13,"3.1","TRANSPORTE COM CAMINHÃO BASCULANTE, EM VIA URBANA PAVIMENTADA",95427,"M3XKM",211999.99679999999,{"$f":"VLOOKUP(A24,CPU!$A$1:$N$4651,9)","v":0.73},{"$f":"VLOOKUP(A24,CPU!$A$1:$N$4651,10)","v":0.88},{"$f":"ROUND(F24*H24,2)","v":186560}]
[13.5,"3.2","TRANSPORTE COM CAMINHÃO BASCULANTE, EM VIA URBANA EM REVESTIMENTO PRIMÁRIO",95426,"M3XKM",12000,{"$f":"VLOOKUP(A25,CPU!$A$1:$N$4651,9)","v":1.07},{"$f":"VLOOKUP(A25,CPU!$A$1:$N$4651,10)","v":1.3},{"$f":"ROUND(F25*H25,2)","v":15600}]
[14,"3.3","TRANSPORTE COM CAMINHÃO CARROCERIA 9T, EM VIA URBANA PAVIMENTADA",100947,"TXKM",1200.0026611200005,{"$f":"VLOOKUP(A26,CPU!$A$1:$N$4651,9)","v":2.12},{"$f":"VLOOKUP(A26,CPU!$A$1:$N$4651,10)","v":2.57},{"$f":"ROUND(F26*H26,2)","v":3084.01}]
[15,"3.4","TRANSPORTE COM CAMINHÃO TANQUE DE TRANSPORTE DE MATERIAL ASFÁLTICO DE 30000 L, EM VIA URBANA PAVIMENTADA (BDI DIFERENCIADO)",102331,"TXKM",19000,{"$f":"VLOOKUP(A27,CPU!$A$1:$N$4651,9)","v":0.52},{"$f":"VLOOKUP(A27,CPU!$A$1:$N$4651,10)","v":0.6},{"$f":"ROUND(F27*H27,2)","v":11400}]
["D",4,"OBRAS COMPLEMENTARES",{"$nulls":5},{"$f":"SUM(I29:I31)","v":617500.75}]
[16,"4.1","GUIA (MEIO-FIO) E SARJETA CONJUGADOS DE CONCRETO, MOLDADA IN LOCO COM EXTRUSORA, 45 CM BASE (15 CM BASE DA GUIA + 30 CM BASE DA SARJETA) X 22 CM ALTURA",94267,"M",7200,{"$f":"VLOOKUP(A29,CPU!$A$1:$N$4651,9)","v":57.319999999999986},{"$f":"VLOOKUP(A29,CPU!$A$1:$N$4651,10)","v":69.489999999999995},{"$f":"ROUND(F29*H29,2)","v":500328}]
[17,"4.2","FORNECIMENTO E INSTALAÇÃO DE PLACA DE SINALIZAÇÃO VIÁRIA - REGULAMENTAÇÃO OCTOGONAL (PARE) 0,60MX0,60M","CPU.4","UN.",65,{"$f":"VLOOKUP(A30,CPU!$A$1:$N$4651,9)","v":444.73},{"$f":"VLOOKUP(A30,CPU!$A$1:$N$4651,10)","v":539.15},{"$f":"ROUND(F30*H30,2)","v":35044.75}]
[19,"4.3","PINTURA DE EIXO VIÁRIO SOBRE ASFALTO COM TINTA RETRORREFLETIVA A BASE DE RESINA ACRÍLICA COM MICROESFERAS DE VIDRO, APLICAÇÃO MECÂNICA COM DEMARCADORA AUTOPROPELIDA",102512,"M",11600,{"$f":"VLOOKUP(A31,CPU!$A$1:$N$4651,9)","v":5.84},{"$f":"VLOOKUP(A31,CPU!$A$1:$N$4651,10)","v":7.08},{"$f":"ROUND(F31*H31,2)","v":82128}]
["E",5,"FORNECIMENTOS - MATERIAL ASFÁLTICO (BDI DIFERENCIADO)",{"$nulls":5},{"$f":"SUM(I33:I35)","v":1046125.93}]
[20,"5.1","AQUISIÇÃO DE EMULSÃO ASFÁLTICA PARA IMPRIMAÇÃO (EAI) - EXCLUSIVE TRANSPORTE","CPU.6","T",28,{"$f":"VLOOKUP(A33,CPU!$A$1:$N$4651,9)","v":2689.76},{"$f":"VLOOKUP(A33,CPU!$A$1:$N$4651,10)","v":3093.22},{"$f":"ROUND(F33*H33,2)","v":86610.16}]
[21,"5.2","AQUISIÇÃO DE EMULSAO ASFALTICA CATIONICA RR-1C - EXCLUSIVE TRANSPORTE","CPU.7","T",9,{"$f":"VLOOKUP(A34,CPU!$A$1:$N$4651,9)","v":2706.7},{"$f":"VLOOKUP(A34,CPU!$A$1:$N$4651,10)","v":3112.71},{"$f":"ROUND(F34*H34,2)","v":28014.39}]
[22,"5.3","AQUISIÇÃO DE CONCRETO BETUMINOSO USINADO A QUENTE (CBUQ) PARA PAVIMENTACAO ASFALTICA, PADRAO DNIT, FAIXA C, COM CAP 50/70 - EXCLUSIVE TRANSPORTE","CPU.8","T",1350.0020000000002,{"$f":"VLOOKUP(A35,CPU!$A$1:$N$4651,9)","v":600},{"$f":"VLOOKUP(A35,CPU!$A$1:$N$4651,10)","v":690},{"$f":"ROUND(F35*H35,2)","v":931501.38}]
[null,"TOTAL GERAL DA OBRA COM BDI ",{"$nulls":6},{"$f":"SUM(I9,I15,I23,I28,I32)","v":2664440.4300000002}]

{"sheet":"CPU","index":1,"n_rows":348,"n_cols":13,"rows_kept":348,"cut":false,"hidden":false,"merged":[[0,0,13,0],[0,1,0,3],[0,4,0,7],[0,10,0,11],[1,2,1,5],[1,10,1,11],[2,2,2,3],[3,1,3,7],[9,1,9,3],[9,5,9,6],[10,1,10,6],[11,1,11,6],[12,1,12,6],[14,0,32,0],[14,1,14,3],[14,4,14,7],[14,10,14,11],[15,2,15,5],[15,8,16,9],[16,2,16,3],[17,1,17,7],[28,1,28,3],[28,5,28,6],[29,1,29,6],[30,1,30,6],[31,1,31,6],[33,0,46,0],[33,1,33,3],[33,4,33,7],[33,10,33,11],[34,2,34,5],[34,8,35,9],[35,2,35,3],[36,1,36,7],[42,1,42,3],[42,5,42,6],[43,1,43,6],[44,1,44,6],[45,1,45,6],[47,0,64,0],[47,1,47,3],[47,4,47,7],[47,10,47,11],[48,2,48,5],[49,2,49,3],[50,1,50,7],[60,1,60,3],[60,5,60,6],[61,1,61,6],[62,1,62,6],[63,1,63,6],[65,0,80,0],[65,1,65,3],[65,4,65,7],[65,10,65,11],[66,2,66,5],[67,2,67,3],[68,1,68,7],[76,1,76,3],[76,5,76,6],[77,1,77,6],[78,1,78,6],[79,1,79,6],[81,0,93,0],[81,1,81,3],[81,4,81,7],[81,10,81,11],[82,2,82,5],[83,2,83,3],[84,1,84,7],[89,1,89,3],[89,5,89,6],[90,1,90,6],[91,1,91,6],[92,1,92,6],[94,0,106,0],[94,1,94,3],[94,4,94,7],[95,2,95,5],[96,2,96,3],[97,1,97,7],[103,1,103,3],[103,5,103,6],[104,1,104,6],[105,1,105,6],[106,1,106,6],[108,0,125,0],[108,1,108,3],[108,4,108,7],[108,10,108,11],[109,2,109,5],[110,2,110,3],[111,1,111,7],[121,1,121,3],[121,5,121,6],[122,1,122,6],[123,1,123,6],[124,1,124,6],[126,0,145,0],[126,1,126,3],[126,4,126,7],[127,2,127,5],[128,2,128,3],[129,1,129,7],[142,1,142,3],[142,5,142,6],[143,1,143,6],[144,1,144,6],[145,1,145,6],[147,0,165,0],[147,1,147,3],[147,4,147,7],[147,10,147,11],[148,2,148,5],[149,2,149,3],[150,1,150,7],[161,1,161,3],[161,5,161,6],[162,1,162,6],[163,1,163,6],[164,1,164,6],[166,0,184,0],[166,1,166,3],[166,4,166,7],[166,10,166,11],[167,2,167,5],[168,2,168,3],[169,1,169,7],[180,1,180,3],[180,5,180,6],[181,1,181,6],[182,1,182,6],[183,1,183,6],[185,0,206,0],[185,1,185,3],[185,4,185,7],[185,10,185,11],[186,2,186,5],[187,2,187,3],[188,1,188,7],[190,8,190,9],[202,1,202,3],[202,5,202,6],[203,1,203,6],[204,1,204,6],[205,1,205,6],[207,0,218,0],[207,1,207,3],[207,4,207,7],[207,10,207,11],[208,2,208,5],[209,2,209,3],[210,1,210,7],[215,1,215,3],[215,5,215,6],[216,1,216,6],[217,1,217,6],[218,1,218,6],[220,0,231,0],[220,1,220,3],[220,4,220,7],[220,10,220,11],[221,2,221,5],[222,2,222,3],[223,1,223,7],[228,1,228,3],[228,5,228,6],[229,1,229,6],[230,1,230,6],[231,1,231,6],[233,0,244,0],[233,1,233,3],[233,4,233,7],[234,2,234,5],[235,2,235,3],[236,1,236,7],[241,1,241,3],[241,5,241,6],[242,1,242,6],[243,1,243,6],[244,1,244,6],[246,0,257,0],[246,1,246,3],[246,4,246,7],[246,10,246,11],[247,2,247,5],[248,2,248,3],[249,1,249,7],[253,1,253,3],[253,5,253,6],[254,1,254,6],[255,1,255,6],[256,1,256,6],[258,0,275,0],[258,1,258,3],[258,4,258,7],[258,10,258,11],[259,2,259,5],[260,2,260,3],[261,1,261,7],[272,1,272,3],[272,5,272,6],[273,1,273,6],[274,1,274,6],[275,1,275,6],[277,0,293,0],[277,1,277,3],[277,4,277,7],[278,2,278,5],[279,2,279,3],[280,1,280,7],[290,1,290,3],[290,5,290,6],[291,1,291,6],[292,1,292,6],[293,1,293,6],[295,0,311,0],[295,1,295,3],[295,4,295,7],[296,2,296,5],[297,2,297,3],[298,1,298,7],[308,1,308,3],[308,5,308,6],[309,1,309,6],[310,1,310,6],[311,1,311,6],[313,0,323,0],[313,1,313,3],[313,4,313,7],[314,2,314,5],[315,2,315,3],[316,1,316,7],[320,1,320,3],[320,5,320,6],[321,1,321,6],[322,1,322,6],[323,1,323,6],[325,0,335,0],[325,1,325,3],[325,4,325,7],[326,2,326,5],[327,2,327,3],[328,1,328,7],[332,1,332,3],[332,5,332,6],[333,1,333,6],[334,1,334,6],[335,1,335,6],[337,0,347,0],[337,1,337,3],[337,4,337,7],[338,2,338,5],[339,2,339,3],[340,1,340,7],[344,1,344,3],[344,5,344,6],[345,1,345,6],[346,1,346,6],[347,1,347,6]]}
[1,"CODEVASF",null,null," COMPOSIÇÃO DE PREÇO UNITÁRIO",null,null,null,{"$f":"H11","v":13860.2},{"$f":"H13","v":16802.72},"BDI CALCULADO:",null,{"$f":"ORÇAMENTO!I6","v":0.21230000000000002}]
[null,"OBRA:  ",{"$f":"ORÇAMENTO!C5","v":"LONTRA - PAVIMENTAÇÃO ASFÁLTICA EM CBUQ - VIAS DIVERSAS "},null,null,null,"DATA: ",{"$f":"ORÇAMENTO!C6","v":" OUTUBRO / 2023   "},null,null,"BDI DIFERENCIADO:",null,{"$f":"'BDI FORN'!D31/100","v":0.15}]
[null,"SERVIÇO:  ",{"$f":"VLOOKUP(A1,ORÇAMENTO!A10:I29,3)","v":"MOBILIZAÇÃO E DESMOBILIZAÇÃO"},null,"Referência:","CPU.1","UNIDADE: ",{"$f":"VLOOKUP(A1,ORÇAMENTO!A10:I29,5)","v":"GL"}]
[]
[null,"TIPO ITEM","CODIGO ITEM","DESCRIÇÃO ITEM","UNIDADE ITEM","COEFICIENTE","PRECO UNITARIO","CUSTO TOTAL"]
[null,"COMPOSICAO",89876,"CAMINHÃO BASCULANTE 14 M3, COM CAVALO MECÂNICO DE CAPACIDADE MÁXIMA DE TRAÇÃO COMBINADO DE 36000 KG, POTÊNCIA 286 CV, INCLUSIVE SEMIREBOQUE COM CAÇAMBA METÁLICA ","CHP DIURNO.",8,316.13,{"$f":"ROUNDDOWN(F6*G6,2)","v":2529.04}]
[null,"COMPOSICAO",89877,"CAMINHÃO BASCULANTE 14 M3, COM CAVALO MECÂNICO DE CAPACIDADE MÁXIMA DE TRAÇÃO COMBINADO DE 36000 KG, POTÊNCIA 286 CV, INCLUSIVE SEMIREBOQUE TRAÇÃO ","CHI DIURNO.",8,89.75,{"$f":"ROUNDDOWN(F7*G7,2)","v":718}]
[null,"COMPOSICAO",5914640,"TRANSPORTE COM CAVALO MECÂNICO COM SEMIRREBOQUE COM CAPACIDADE DE 30 T - RODOVIA PAVIMENTADA","T.KM",5805,0.57999999999999996,{"$f":"ROUNDDOWN(F8*G8,2)","v":3366.9}]
[null,"COMPOSIÇÃO",88316,"SERVENTE COM ENCARGOS COMPLEMENTARES","H",16,19.760000000000002,{"$f":"ROUNDDOWN(F9*G9,2)","v":316.16000000000003}]
[null,"PRODUÇÃO DA EQUIPE",null,null,0.5,"CUSTO ",null,{"$f":"SUM(H6:H9)","v":6930.1}]
[null,"TOTAL",{"$nulls":5},{"$f":"H10/E10","v":13860.2},"OK"]
[null,"BDI                %",{"$nulls":5},{"$f":"1+$M$1","v":1.2122999999999999}]
[null,"TOTAL DO SERVIÇO - R$",{"$nulls":5},{"$f":"ROUND(H11*H12,2)","v":16802.72}]
[]
[{"$f":"A1+1","v":2},"CODEVASF",null,null," COMPOSIÇÃO DE PREÇO UNITÁRIO",null,null,null,{"$f":"H30","v":83472.72},{"$f":"H32","v":101193.98}]
[null,"OBRA:  ",{"$f":"$C$2","v":"LONTRA - PAVIMENTAÇÃO ASFÁLTICA EM CBUQ - VIAS DIVERSAS "},null,null,null,"DATA: ",{"$f":"$H$2","v":" OUTUBRO / 2023   "}]
[null,"SERVIÇO:  ",{"$f":"VLOOKUP(A15,ORÇAMENTO!$A$10:$I$29,3)","v":"ADMINISTRAÇÃO LOCAL"},null,"SINAPI","CPU.2","UNIDADE: ",{"$f":"VLOOKUP(A15,ORÇAMENTO!$A$10:$I$29,5)","v":"GL"}]
[]
[null,"TIPO ITEM","CODIGO ITEM","DESCRIÇÃO ITEM","UNIDADE ITEM","COEFICIENTE","PRECO UNITARIO","CUSTO TOTAL"]
[null,"INSUMO",14250,"ENERGIA ELÉTRICA","kwh",60,0.94,{"$f":"ROUNDDOWN(F20*G20,2)","v":56.4}]
[null,"INSUMO",44480,"TARIFA FORNECIMENTO DE ÁGUA/ESGOTO ","M3",6,17.78,106.68]
[null,"COTAÇÃO","MERC.","TELEFONE (PLANO CONTROLE)","UNID",2,59.9,119.8]
[null,"INSUMO","ED-50155 SEINFRA","BANHEIRO QUÍMICO 110 X 120 X 230 CM COM MANUTENÇÃO (CONSIDERANDO OBRAS SIMULTÂNEAS)","MÊS",2,820,1640]
[null,"COMPOSICAO",90777,"Engenheiro Civil Júnior com encargos complementares","H",55,114.12,6276.6]
[null,"COMPOSICAO",90776,"Encarregado Geral com encargos complementares","H",110,57.73,6350.3]
[null,"COMPOSICAO",88321,"Tecnico de Laboratório com encargos complementares","H",55,45.45,2499.75]
[null,"COMPOSICAO",100309,"Tecnico em Segurança do Trabalho com encargos complementares","H",55,45.71,2514.0500000000002]
[null,"COMPOSICAO",90772,"Auxiliar de escritório com encargos complementares","H",55,23.72,1304.5999999999999]
[null,"PRODUÇÃO DA EQUIPE",null,null,0.25,"CUSTO ",null,{"$f":"SUM(H20:H28)","v":20868.179999999997}]
[null,"TOTAL",{"$nulls":5},{"$f":"ROUND(H29/E29,2)","v":83472.72},"OK"]
[null,"BDI                %",{"$nulls":5},{"$f":"1+$M$1","v":1.2122999999999999}]
[null,"TOTAL DO SERVIÇO - R$",{"$nulls":5},{"$f":"ROUND(H30*H31,2)","v":101193.98}]
[]
[{"$f":"A15+1","v":3},"CODEVASF",null,null," COMPOSIÇÃO DE PREÇO UNITÁRIO",null,null,null,{"$f":"H44","v":9144},{"$f":"H46","v":11085.27}]
[null,"OBRA:  ",{"$f":"$C$2","v":"LONTRA - PAVIMENTAÇÃO ASFÁLTICA EM CBUQ - VIAS DIVERSAS "},null,null,null,"DATA: ",{"$f":"$H$2","v":" OUTUBRO / 2023   "}]
[null,"SERVIÇO:  ",{"$f":"VLOOKUP(A34,ORÇAMENTO!$A$10:$I$29,3)","v":"CANTEIRO DE OBRAS"},null,"SINAPI",{"$f":"VLOOKUP(A34,ORÇAMENTO!$A$10:$I$29,4)","v":"CPU.3"},"UNIDADE: ",{"$f":"VLOOKUP(A34,ORÇAMENTO!$A$10:$I$29,5)","v":"GL"}]
[]
[null,"TIPO ITEM","CODIGO ITEM","DESCRIÇÃO ITEM","UNIDADE ITEM","COEFICIENTE","PRECO UNITARIO","CUSTO TOTAL"]
[null,"INSUMO",10775,"LOCACAO DE CONTAINER COM 1 SANITARIO, PARA ESCRITORIO,COMPLETO, SEM DIVISORIAS INTERNAS","MÊS",4,975,{"$f":"ROUNDDOWN(F39*G39,2)","v":3900}]
[null,"INSUMO",10779,"LOCACAO DE CONTAINER P/ SANITARIO, C/ 5 BACIAS, 1 LAVATORIO E 4 MICTORIOS","MÊS",4,1218.75,4875]
[null,"INSUMO","37525","TELA PLASTICA TECIDA LISTRADA BRANCA E LARANJA, TIPO GUARDA CORPO, EM POLIETILENO MONOFILADO, ROLO 1,20 X 50 M (L X C)","M",100,3.69,369]
[{"$nulls":7},0]
[null,"PRODUÇÃO DA EQUIPE",null,null,1,"CUSTO ",null,{"$f":"SUM(H39:H42)","v":9144}]
[null,"TOTAL",{"$nulls":5},{"$f":"H43/E43","v":9144},"OK"]
[null,"BDI                %",{"$nulls":5},{"$f":"1+$M$1","v":1.2122999999999999}]
[null,"TOTAL DO SERVIÇO - R$",{"$nulls":5},{"$f":"ROUND(H44*H45,2)","v":11085.27}]
[]
[{"$f":"A34+1","v":4},"CODEVASF",null,null," COMPOSIÇÃO DE PREÇO UNITÁRIO",null,null,null,{"$f":"H62","v":340.5},{"$f":"H64","v":412.79}]
[null,"OBRA:  ",{"$f":"$C$2","v":"LONTRA - PAVIMENTAÇÃO ASFÁLTICA EM CBUQ - VIAS DIVERSAS "},null,null,null,"DATA: ",{"$f":"$H$2","v":" OUTUBRO / 2023   "}]
[null,"SERVIÇO:  ",{"$f":"VLOOKUP(A48,ORÇAMENTO!$A$10:$I$29,3)","v":"PLACA DE OBRA EM CHAPA DE AÇO GALVANIZADO"},null,"SINAPI",{"$f":"VLOOKUP(A48,ORÇAMENTO!$A$10:$I$29,4)","v":103689},"UNIDADE: ",{"$f":"VLOOKUP(A48,ORÇAMENTO!$A$10:$I$29,5)","v":"M2"}]
[]
[null,"TIPO ITEM","CODIGO ITEM","DESCRIÇÃO ITEM","UNIDADE ITEM","COEFICIENTE","PRECO UNITARIO","CUSTO TOTAL"]
[null,"INSUMO","4509","SARRAFO *2,5 X 10* CM EM PINUS, MISTA OU EQUIVALENTE DA REGIAO - BRUTA","M","3,2083000","4,41",{"$f":"ROUNDDOWN(F53*G53,2)","v":14.14}]
[null,"INSUMO","4813","PLACA DE OBRA (PARA CONSTRUCAO CIVIL) EM CHAPA GALVANIZADA *N. 22*, ADESIVADA, DE *2,4 X 1,2* M (SEM POSTES PARA FIXACAO)","M2","1,0000000","250,00",250]
[null,"INSUMO","5065","PREGO DE ACO POLIDO COM CABECA 10 X 10 ","KG","0,0113000","36,57",0.41]
[null,"INSUMO","5069","PREGO DE ACO POLIDO COM CABECA 17 X 27 ","KG","0,0132000","19,59",0.25]
[null,"COMPOSICAO","88262","CARPINTEIRO DE FORMAS COM ENCARGOS COMPLEMENTARES","H","0,3729000","27,05",10.08]
[null,"COMPOSICAO","88316","SERVENTE COM ENCARGOS COMPLEMENTARES","H","1,1186000","19,76",22.1]
[null,"COMPOSICAO",4115,"MADEIRA ROLICA TRATADA, D = 12 A 15 CM, H = 3,00 M, EM EUCALIPTO OU EQUIVALENTE","M",2,21.76,43.52]
[{"$nulls":7},0]
[null,"PRODUÇÃO DA EQUIPE",null,null,1,"CUSTO ",null,{"$f":"SUM(H53:H60)","v":340.5}]
[null,"TOTAL",{"$nulls":5},{"$f":"H61/E61","v":340.5},"OK"]
[null,"BDI                %",{"$nulls":5},{"$f":"1+$M$1","v":1.2122999999999999}]
[null,"TOTAL DO SERVIÇO - R$",{"$nulls":5},{"$f":"ROUND(H62*H63,2)","v":412.79}]
[]
[{"$f":"A48+1","v":5},"CODEVASF",null,null," COMPOSIÇÃO DE PREÇO UNITÁRIO",null,null,null,{"$f":"H78","v":0.32999999999999996},{"$f":"H80","v":0.4}]
[null,"OBRA:  ",{"$f":"$C$2","v":"LONTRA - PAVIMENTAÇÃO ASFÁLTICA EM CBUQ - VIAS DIVERSAS "},null,null,null,"DATA: ",{"$f":"$H$2","v":" OUTUBRO / 2023   "}]
[null,"SERVIÇO:  ",{"$f":"VLOOKUP(A66,ORÇAMENTO!$A$10:$I$29,3)","v":"SERVIÇOS TOPOGRÁFICOS PARA PAVIMENTAÇÃO, INCLUSIVE NOTA DE SERVIÇO, ACOMPANHAMENTO E GREIDE"},null,"SINAPI",{"$f":"VLOOKUP(A66,ORÇAMENTO!$A$10:$I$29,4)","v":78472},"UNIDADE: ",{"$f":"VLOOKUP(A66,ORÇAMENTO!$A$10:$I$29,5)","v":"M2"}]
[]
[null,"TIPO ITEM","CODIGO ITEM","DESCRIÇÃO ITEM","UNIDADE ITEM","COEFICIENTE","PRECO UNITARIO","CUSTO TOTAL"]
[null,"COMPOSICAO",88253,"AUXILIAR DE TOPÓGRAFO COM ENCARGOS COMPLEMENTARES","H",2.5000000000000001E-3,21.57,{"$f":"ROUNDDOWN(F71*G71,2)","v":0.05}]
[null,"COMPOSICAO",88288,"NIVELADOR COM ENCARGOS COMPLEMENTARES","H",2.5000000000000001E-3,26.99,{"$f":"ROUNDDOWN(F72*G72,2)","v":0.06}]
[null,"COMPOSICAO",88316,"SERVENTE COM ENCARGOS COMPLEMENTARES","H",7.4999999999999997E-3,19.760000000000002,0.14000000000000001]
[null,"COMPOSICAO",88597,"DESENHISTA DETALHISTA COM ENCARGOS COMPLEMENTARES ","H",2E-3,29.72,0.05]
[null,"COMPOSICAO",92145,"CAMINHONETE CABINE SIMPLES COM MOTOR 1.6 FLEX, CÂMBIO MANUAL, POTÊNCIA 101/104 CV, 2 PORTAS","CHP",5.0000000000000001E-4,74.75,0.03]
[{"$nulls":7},{"$f":"ROUNDDOWN(F76*G76,2)","v":0}]
[null,"PRODUÇÃO DA EQUIPE",null,null,1,"CUSTO ",null,{"$f":"SUM(H71:H76)","v":0.32999999999999996}]
[null,"TOTAL",{"$nulls":5},{"$f":"H77/E77","v":0.32999999999999996},"OK"]
[null,"BDI                %",{"$nulls":5},{"$f":"1+$M$1","v":1.2122999999999999}]
[null,"TOTAL DO SERVIÇO - R$",{"$nulls":5},{"$f":"ROUND(H78*H79,2)","v":0.4}]
[]
[{"$f":"A66+1","v":6},"CODEVASF",null,null," COMPOSIÇÃO DE PREÇO UNITÁRIO",null,null,null,{"$f":"H91","v":2.2000000000000002},{"$f":"H93","v":2.67}]
[null,"OBRA:  ",{"$f":"$C$2","v":"LONTRA - PAVIMENTAÇÃO ASFÁLTICA EM CBUQ - VIAS DIVERSAS "},null,null,null,"DATA: ",{"$f":"$H$2","v":" OUTUBRO / 2023   "}]
[null,"SERVIÇO:  ",{"$f":"VLOOKUP(A82,ORÇAMENTO!$A$10:$I$29,3)","v":"ESCAVAÇÃO HORIZONTAL EM SOLO DE 1A CATEGORIA "},null,"SINAPI",{"$f":"VLOOKUP(A82,ORÇAMENTO!$A$10:$I$29,4)","v":101116},"UNIDADE: ",{"$f":"VLOOKUP(A82,ORÇAMENTO!$A$10:$I$29,5)","v":"M3"}]
[]
[null,"TIPO ITEM","CODIGO ITEM","DESCRIÇÃO ITEM","UNIDADE ITEM","COEFICIENTE","PRECO UNITARIO","CUSTO TOTAL"]
[null,"COMPOSICAO","5847","TRATOR DE ESTEIRAS, POTÊNCIA 170 HP, PESO OPERACIONAL 19 T, CAÇAMBA 5,2 M3","CHP","0,0048000","253,93",{"$f":"ROUNDDOWN(F87*G87,2)","v":1.21}]
[null,"COMPOSICAO","5849","TRATOR DE ESTEIRAS, POTÊNCIA 170 HP, PESO OPERACIONAL 19 T, CAÇAMBA 5,2 M3 ","CHI","0,0082000","90,40",{"$f":"ROUNDDOWN(F88*G88,2)","v":0.74}]
[null,"COMPOSICAO","88316","SERVENTE COM ENCARGOS COMPLEMENTARES","H","0,0131000","19,76",{"$f":"ROUNDDOWN(F89*G89,2)","v":0.25}]
[null,"PRODUÇÃO DA EQUIPE",null,null,1,"CUSTO ",null,{"$f":"SUM(H87:H89)","v":2.2000000000000002}]
[null,"TOTAL",{"$nulls":5},{"$f":"H90/E90","v":2.2000000000000002},"OK"]
[null,"BDI                %",{"$nulls":5},{"$f":"1+$M$1","v":1.2122999999999999}]
[null,"TOTAL DO SERVIÇO - R$",{"$nulls":5},{"$f":"ROUND(H91*H92,2)","v":2.67}]
[]
[7,"CODEVASF",null,null," COMPOSIÇÃO DE PREÇO UNITÁRIO",null,null,null,{"$f":"H105","v":8.7100000000000009},{"$f":"H107","v":10.56}]
[null,"OBRA:  ",{"$f":"$C$2","v":"LONTRA - PAVIMENTAÇÃO ASFÁLTICA EM CBUQ - VIAS DIVERSAS "},null,null,null,"DATA: ",{"$f":"$H$2","v":" OUTUBRO / 2023   "}]
[null,"SERVIÇO:  ",{"$f":"VLOOKUP(A95,ORÇAMENTO!$A$10:$I$29,3)","v":"CARGA, MANOBRA E DESCARGA DE SOLOS E MATERIAIS GRANULARES EM CAMINHÃO BASCULANTE"},null,"SINAPI",{"$f":"VLOOKUP(A95,ORÇAMENTO!$A$10:$I$29,4)","v":100976},"UNIDADE: ",{"$f":"VLOOKUP(A95,ORÇAMENTO!$A$10:$I$29,5)","v":"M3"}]
[]
[null,"TIPO ITEM","CODIGO ITEM","DESCRIÇÃO ITEM","UNIDADE ITEM","COEFICIENTE","PRECO UNITARIO","CUSTO TOTAL"]
[null,"COMPOSICAO","5940","PÁ CARREGADEIRA SOBRE RODAS, POTÊNCIA LÍQUIDA 128 HP, CAPACIDADE DA CAÇAMBA 1,7 A 2,8 M3, PESO OPERACIONAL 11632 KG","CHP","0,0083000","217,72",{"$f":"ROUNDDOWN(F100*G100,2)","v":1.8}]
[null,"COMPOSICAO","5942","PÁ CARREGADEIRA SOBRE RODAS, POTÊNCIA LÍQUIDA 128 HP, CAPACIDADE DA CAÇAMBA 1,7 A 2,8 M3, PESO OPERACIONAL 11632 KG ","CHI","0,0074000","95,85",{"$f":"ROUNDDOWN(F101*G101,2)","v":0.7}]
[null,"COMPOSICAO","89883","CAMINHÃO BASCULANTE 18 M3, COM CAVALO MECÂNICO DE CAPACIDADE MÁXIMA DE TRAÇÃO COMBINADO DE 45000 KG, POTÊNCIA 330 CV, INCLUSIVE SEMIREBOQUE COM CAÇAMBA METÁLICA ","CHP","0,0153000","348,45",{"$f":"ROUNDDOWN(F102*G102,2)","v":5.33}]
[null,"COMPOSICAO","89884","CAMINHÃO BASCULANTE 18 M3, COM CAVALO MECÂNICO DE CAPACIDADE MÁXIMA DE TRAÇÃO COMBINADO DE 45000 KG, POTÊNCIA 330 CV, INCLUSIVE SEMIREBOQUE COM CAÇAMBA METÁLICA","CHI","0,0095000","93,65",{"$f":"ROUNDDOWN(F103*G103,2)","v":0.88}]
[null,"PRODUÇÃO DA EQUIPE",null,null,1,"CUSTO ",null,{"$f":"SUM(H100:H103)","v":8.7100000000000009}]
[null,"TOTAL",{"$nulls":5},{"$f":"H104/E104","v":8.7100000000000009},"OK"]
[null,"BDI                %",{"$nulls":5},{"$f":"1+$M$1","v":1.2122999999999999}]
[null,"TOTAL DO SERVIÇO - R$",{"$nulls":5},{"$f":"ROUND(H105*H106,2)","v":10.56}]
[]
[8,"CODEVASF",null,null," COMPOSIÇÃO DE PREÇO UNITÁRIO",null,null,null,{"$f":"H123","v":2.57},{"$f":"H125","v":3.12}]
[null,"OBRA:  ",{"$f":"$C$2","v":"LONTRA - PAVIMENTAÇÃO ASFÁLTICA EM CBUQ - VIAS DIVERSAS "},null,null,null,"DATA: ",{"$f":"$H$2","v":" OUTUBRO / 2023   "}]
[null,"SERVIÇO:  ",{"$f":"VLOOKUP(A109,ORÇAMENTO!$A$10:$I$29,3)","v":"REGULARIZAÇÃO E COMPACTAÇÃO DO SUBLEITO "},null,"SINAPI",{"$f":"VLOOKUP(A109,ORÇAMENTO!$A$10:$I$29,4)","v":100576},"UNIDADE: ","M2"]
[]
[null,"TIPO ITEM","CODIGO ITEM","DESCRIÇÃO ITEM","UNIDADE ITEM","COEFICIENTE","PRECO UNITARIO","CUSTO TOTAL"]
[null,"COMPOSICAO","5901","CAMINHÃO PIPA 10.000 L TRUCADO, PESO BRUTO TOTAL 23.000 KG, CARGA ÚTIL MÁXIMA 15.935 KG, DISTÂNCIA ENTRE EIXOS 4,8 M, POTÊNCIA 230 CV, INCLUSIVE TANQUE DE AÇO PARA TRANSPORTE DE ÁGUA","CHP","0,0010000","294,94",{"$f":"ROUNDDOWN(F114*G114,2)","v":0.28999999999999998}]
[null,"COMPOSICAO","5903","CAMINHÃO PIPA 10.000 L TRUCADO, PESO BRUTO TOTAL 23.000 KG, CARGA ÚTIL MÁXIMA 15.935 KG, DISTÂNCIA ENTRE EIXOS 4,8 M, POTÊNCIA 230 CV, INCLUSIVE TANQUE DE AÇO PARA TRANSPORTE DE ÁGUA","CHI","0,0070000","72,55",0.5]
[null,"COMPOSICAO","5932","MOTONIVELADORA POTÊNCIA BÁSICA LÍQUIDA (PRIMEIRA MARCHA) 125 HP, PESO BRUTO 13032 KG, LARGURA DA LÂMINA DE 3,7 M","CHP","0,0001000","262,71",0.02]
[null,"COMPOSICAO","5934","MOTONIVELADORA POTÊNCIA BÁSICA LÍQUIDA (PRIMEIRA MARCHA) 125 HP, PESO BRUTO 13032 KG, LARGURA DA LÂMINA DE 3,7 M","CHI","0,0080000","109,40",0.87]
[null,"COMPOSICAO","73436","ROLO COMPACTADOR VIBRATÓRIO PÉ DE CARNEIRO PARA SOLOS, POTÊNCIA 80 HP, PESO OPERACIONAL SEM/COM LASTRO 7,4 / 8,8 T, LARGURA DE TRABALHO 1,68 M","CHP","0,0020000","163,19",0.32]
[null,"COMPOSICAO","88316","SERVENTE COM ENCARGOS COMPLEMENTARES","H","0,0080000","19,76",0.15]
[null,"COMPOSICAO","93244","ROLO COMPACTADOR VIBRATÓRIO PÉ DE CARNEIRO PARA SOLOS, POTÊNCIA 80 HP, PESO OPERACIONAL SEM/COM LASTRO 7,4 / 8,8 T, LARGURA DE TRABALHO 1,68 M","CHI","0,0060000","71,18",0.42]
[]
[null,"PRODUÇÃO DA EQUIPE",null,null,1,"CUSTO ",null,{"$f":"SUM(H114:H121)","v":2.57}]
[null,"TOTAL",{"$nulls":5},{"$f":"H122/E122","v":2.57},"OK"]
[null,"BDI                %",{"$nulls":5},{"$f":"1+$M$1","v":1.2122999999999999}]
[null,"TOTAL DO SERVIÇO - R$",{"$nulls":5},{"$f":"ROUND(H123*H124,2)","v":3.12}]
[]
[9,"CODEVASF",null,null," COMPOSIÇÃO DE PREÇO UNITÁRIO",null,null,null,{"$f":"H144","v":111.95},{"$f":"H146","v":135.72}]
[null,"OBRA:  ",{"$f":"$C$2","v":"LONTRA - PAVIMENTAÇÃO ASFÁLTICA EM CBUQ - VIAS DIVERSAS "},null,null,null,"DATA: ",{"$f":"$H$2","v":" OUTUBRO / 2023   "}]
[null,"SERVIÇO:  ",{"$f":"VLOOKUP(A127,ORÇAMENTO!$A$10:$I$29,3)","v":"EXECUÇÃO E COMPACTAÇÃO DE BASE E OU SUB BASE PARA PAVIMENTAÇÃO DE BICA CORRIDA - EXCLUSIVE CARGA E TRANSPORTE"},null,"SINAPI",{"$f":"VLOOKUP(A127,ORÇAMENTO!$A$10:$I$29,4)","v":96396},"UNIDADE: ",{"$f":"VLOOKUP(A127,ORÇAMENTO!$A$10:$I$29,5)","v":"M3"}]
[]
[null,"TIPO ITEM","CODIGO ITEM","DESCRIÇÃO ITEM","UNIDADE ITEM","COEFICIENTE","PRECO UNITARIO","CUSTO TOTAL"]
[null,"COMPOSICAO","5684","ROLO COMPACTADOR VIBRATÓRIO DE UM CILINDRO AÇO LISO, POTÊNCIA 80 HP, PESO OPERACIONAL MÁXIMO 8,1 T, IMPACTO DINÂMICO 16,15 / 9,5 T, LARGURA DE TRABALHO 1,68 M","CHP","0,0090000","159,98",{"$f":"ROUNDDOWN(F132*G132,2)","v":1.43}]
[null,"COMPOSICAO","5685","ROLO COMPACTADOR VIBRATÓRIO DE UM CILINDRO AÇO LISO, POTÊNCIA 80 HP, PESO OPERACIONAL MÁXIMO 8,1 T, IMPACTO DINÂMICO 16,15 / 9,5 T, LARGURA DE TRABALHO 1,68 M","CHI","0,0210000","69,53",1.46]
[null,"COMPOSICAO","5901","CAMINHÃO PIPA 10.000 L TRUCADO, PESO BRUTO TOTAL 23.000 KG, CARGA ÚTIL MÁXIMA 15.935 KG, DISTÂNCIA ENTRE EIXOS 4,8 M, POTÊNCIA 230 CV, INCLUSIVE TANQUE DE AÇO PARA TRANSPORTE DE ÁGUA","CHP","0,0020000","294,94",0.57999999999999996]
[null,"COMPOSICAO","5903","CAMINHÃO PIPA 10.000 L TRUCADO, PESO BRUTO TOTAL 23.000 KG, CARGA ÚTIL MÁXIMA 15.935 KG, DISTÂNCIA ENTRE EIXOS 4,8 M, POTÊNCIA 230 CV, INCLUSIVE TANQUE DE AÇO PARA TRANSPORTE DE ÁGUA","CHI","0,0280000","72,55",2.0299999999999998]
[null,"COMPOSICAO","5932","MOTONIVELADORA POTÊNCIA BÁSICA LÍQUIDA (PRIMEIRA MARCHA) 125 HP, PESO BRUTO 13032 KG, LARGURA DA LÂMINA DE 3,7 M","CHP","0,0080000","262,71",2.1]
[null,"COMPOSICAO","5934","MOTONIVELADORA POTÊNCIA BÁSICA LÍQUIDA (PRIMEIRA MARCHA) 125 HP, PESO BRUTO 13032 KG, LARGURA DA LÂMINA DE 3,7 M","CHI","0,0220000","109,40",2.4]
[null,"COMPOSICAO","88316","SERVENTE COM ENCARGOS COMPLEMENTARES","H","0,0300000","19,76",0.59]
[null,"INSUMO",4748,"PEDRA BRITADA OU BICA CORRIDA, NAO CLASSIFICADA (POSTO PEDREIRA/FORNECEDOR, SEM FRETE)","M3","1,0000000",98,98]
[null,"COMPOSICAO","96463","ROLO COMPACTADOR DE PNEUS, ESTATICO, PRESSAO VARIAVEL, POTENCIA 110 HP, PESO SEM/COM LASTRO 10,8/27 T, LARGURA DE ROLAGEM 2,30 M","CHP","0,0040000","218,21",0.87]
[null,"COMPOSICAO","96464","ROLO COMPACTADOR DE PNEUS, ESTATICO, PRESSAO VARIAVEL, POTENCIA 110 HP, PESO SEM/COM LASTRO 10,8/27 T, LARGURA DE ROLAGEM 2,30 M","CHI","0,0260000","95,83",2.4900000000000002]
[{"$nulls":7},0]
[null,"PRODUÇÃO DA EQUIPE",null,null,1,"CUSTO ",null,{"$f":"SUM(H132:H142)","v":111.95}]
[null,"TOTAL",{"$nulls":5},{"$f":"H143/E143","v":111.95},"OK"]
[null,"BDI                %",{"$nulls":5},{"$f":"1+$M$1","v":1.2122999999999999}]
[null,"TOTAL DO SERVIÇO - R$",{"$nulls":5},{"$f":"ROUND(H144*H145,2)","v":135.72}]
[]
[10,"CODEVASF",null,null," COMPOSIÇÃO DE PREÇO UNITÁRIO",null,null,null,{"$f":"H163","v":1.23},{"$f":"H165","v":1.49}]
[null,"OBRA:  ",{"$f":"$C$2","v":"LONTRA - PAVIMENTAÇÃO ASFÁLTICA EM CBUQ - VIAS DIVERSAS "},null,null,null,"DATA: ",{"$f":"$H$2","v":" OUTUBRO / 2023   "}]
[null,"SERVIÇO:  ",{"$f":"VLOOKUP(A148,ORÇAMENTO!$A$10:$I$29,3)","v":"IMPRIMAÇÃO COM EMULSÃO ASFÁLTICA (EAI)"},null,"SINAPI",{"$f":"VLOOKUP(A148,ORÇAMENTO!$A$10:$I$29,4)","v":96401},"UNIDADE: ",{"$f":"VLOOKUP(A148,ORÇAMENTO!$A$10:$I$29,5)","v":"M2"}]
[]
[null,"TIPO ITEM","CODIGO ITEM","DESCRIÇÃO ITEM","UNIDADE ITEM","COEFICIENTE","PRECO UNITARIO","CUSTO TOTAL"]
[null,"COMPOSICAO",5839,"VASSOURA MECÂNICA REBOCÁVEL COM ESCOVA CILÍNDRICA, LARGURA ÚTIL DE VARRIMENTO DE 2,44 M ","CHP","0,0020000",10.3,{"$f":"ROUNDDOWN(F153*G153,2)","v":0.02}]
[null,"COMPOSICAO",5841,"VASSOURA MECÂNICA REBOCÁVEL COM ESCOVA CILÍNDRICA, LARGURA ÚTIL DE VARRIMENTO DE 2,44 M ","CHI","0,0040000",5.18,0.02]
[null,"INSUMO","ANP","EMULSÃO ASFÁLTICA PARA IMPRIMAÇÃO (FORNECIMENTO COM BDI DIFERENCIADO)","T",{"$f":"1.3/1000","v":1.2999999999999999E-3},null,0]
[null,"COMPOSICAO",83362,"ESPARGIDOR DE ASFALTO PRESSURIZADO, TANQUE 6 M3 COM ISOLAÇÃO TÉRMICA, AQUECIDO COM 2 MAÇARICOS, COM BARRA ESPARGIDORA 3,60 M, MONTADO SOBRE CAMINHÃO  TOCO, PBT 14.300 KG, POTÊNCIA 185 CV","CHP","0,0010000",256.33999999999997,0.25]
[null,"COMPOSICAO",88316,"SERVENTE COM ENCARGOS COMPLEMENTARES","H","0,0060000",19.760000000000002,0.11]
[null,"COMPOSICAO",89035,"TRATOR DE PNEUS, POTÊNCIA 85 CV, TRAÇÃO 4X4, PESO COM LASTRO DE 4.675 KG ","CHP","0,0020000",135.08000000000001,0.27]
[null,"COMPOSICAO",89036,"TRATOR DE PNEUS, POTÊNCIA 85 CV, TRAÇÃO 4X4, PESO COM LASTRO DE 4.675 KG ","CHI","0,0040000",56.48,0.22]
[null,"COMPOSICAO",91486,"ESPARGIDOR DE ASFALTO PRESSURIZADO, TANQUE 6 M3 COM ISOLAÇÃO TÉRMICA, AQUECIDO COM 2 MAÇARICOS, COM BARRA ESPARGIDORA 3,60 M, MONTADO SOBRE CAMINHÃO  TOCO, PBT 14.300 KG, POTÊNCIA 185 CV","CHI","0,0050000",68.430000000000007,0.34]
[{"$nulls":7},0]
[null,"PRODUÇÃO DA EQUIPE",null,null,1,"CUSTO ",null,{"$f":"SUM(H153:H161)","v":1.23}]
[null,"TOTAL",{"$nulls":5},{"$f":"H162/E162","v":1.23},"OK"]
[null,"BDI                %",{"$nulls":5},{"$f":"1+$M$1","v":1.2122999999999999}]
[null,"TOTAL DO SERVIÇO - R$",{"$nulls":5},{"$f":"ROUND(H163*H164,2)","v":1.49}]
[]
[11,"CODEVASF",null,null," COMPOSIÇÃO DE PREÇO UNITÁRIO",null,null,null,{"$f":"H182","v":1.01},{"$f":"H184","v":1.22}]
[null,"OBRA:  ",{"$f":"$C$2","v":"LONTRA - PAVIMENTAÇÃO ASFÁLTICA EM CBUQ - VIAS DIVERSAS "},null,null,null,"DATA: ",{"$f":"$H$2","v":" OUTUBRO / 2023   "}]
[null,"SERVIÇO:  ",{"$f":"VLOOKUP(A167,ORÇAMENTO!$A$10:$I$29,3)","v":"PINTURA DE LIGAÇÃO COM EMULSÃO ASFÁLTICA RR-1C"},null,"SINAPI",{"$f":"VLOOKUP(A167,ORÇAMENTO!$A$10:$I$29,4)","v":96402},"UNIDADE: ","M2"]
[]
[null,"TIPO ITEM","CODIGO ITEM","DESCRIÇÃO ITEM","UNIDADE ITEM","COEFICIENTE","PRECO UNITARIO","CUSTO TOTAL"]
[null,"COMPOSICAO",5839,"VASSOURA MECÂNICA REBOCÁVEL COM ESCOVA CILÍNDRICA, LARGURA ÚTIL DE VARRIMENTO DE 2,44 M ","CHP","0,0020000",10.3,{"$f":"ROUNDDOWN(F172*G172,2)","v":0.02}]
[null,"COMPOSICAO",5841,"VASSOURA MECÂNICA REBOCÁVEL COM ESCOVA CILÍNDRICA, LARGURA ÚTIL DE VARRIMENTO DE 2,44 M ","CHI","0,0040000",5.18,0.02]
[null,"INSUMO","ANP","EMULSAO ASFALTICA CATIONICA RR-2C PARA USO EM PAVIMENTACAO ASFALTICA (COLETADO CAIXA NA ANP ACRESCIDO DE ICMS)","KG","0,4500000",null,0]
[null,"COMPOSICAO",83362,"ESPARGIDOR DE ASFALTO PRESSURIZADO, TANQUE 6 M3 COM ISOLAÇÃO TÉRMICA, AQUECIDO COM 2 MAÇARICOS, COM BARRA ESPARGIDORA 3,60 M, MONTADO SOBRE CAMINHÃO  TOCO, PBT 14.300 KG, POTÊNCIA 185 CV ","CHP","0,0004000",256.33999999999997,0.1]
[null,"COMPOSICAO",88316,"SERVENTE COM ENCARGOS COMPLEMENTARES","H","0,0055000",19.760000000000002,0.1]
[null,"COMPOSICAO",89035,"TRATOR DE PNEUS, POTÊNCIA 85 CV, TRAÇÃO 4X4, PESO COM LASTRO DE 4.675 KG ","CHP","0,0017000",135.08000000000001,0.22]
[null,"COMPOSICAO",89036,"TRATOR DE PNEUS, POTÊNCIA 85 CV, TRAÇÃO 4X4, PESO COM LASTRO DE 4.675 KG ","CHI","0,0038000",56.48,0.21]
[null,"COMPOSICAO",91486,"ESPARGIDOR DE ASFALTO PRESSURIZADO, TANQUE 6 M3 COM ISOLAÇÃO TÉRMICA, AQUECIDO COM 2 MAÇARICOS, COM BARRA ESPARGIDORA 3,60 M, MONTADO SOBRE CAMINHÃO  TOCO, PBT 14.300 KG, POTÊNCIA 185 CV ","CHI","0,0051000",68.430000000000007,0.34]
[{"$nulls":7},0]
[null,"PRODUÇÃO DA EQUIPE",null,null,1,"CUSTO ",null,{"$f":"SUM(H172:H180)","v":1.01}]
[null,"TOTAL",{"$nulls":5},{"$f":"H181/E181","v":1.01},"OK"]
[null,"BDI                %",{"$nulls":5},{"$f":"1+$M$1","v":1.2122999999999999}]
[null,"TOTAL DO SERVIÇO - R$",{"$nulls":5},{"$f":"ROUND(H182*H183,2)","v":1.22}]
[]
[12,"CODEVASF",null,null," COMPOSIÇÃO DE PREÇO UNITÁRIO",null,null,null,{"$f":"H204","v":129.6},{"$f":"H206","v":157.11000000000001}]
[null,"OBRA:  ",{"$f":"$C$2","v":"LONTRA - PAVIMENTAÇÃO ASFÁLTICA EM CBUQ - VIAS DIVERSAS "},null,null,null,"DATA: ",{"$f":"$H$2","v":" OUTUBRO / 2023   "}]
[null,"SERVIÇO:  ",{"$f":"VLOOKUP(A186,ORÇAMENTO!$A$10:$I$29,3)","v":"EXECUÇÃO DE PAVIMENTO COM APLICAÇÃO DE CONCRETO ASFÁLTICO USINADO A QUENTE (CBUQ), CAMADA DE ROLAMENTO - EXCLUSIVE TRANSPORTE"},null,"SINAPI",{"$f":"VLOOKUP(A186,ORÇAMENTO!$A$10:$I$29,4)","v":95995},"UNIDADE: ",{"$f":"VLOOKUP(A186,ORÇAMENTO!$A$10:$I$29,5)","v":"M3"}]
[]
[null,"TIPO ITEM","CODIGO ITEM","DESCRIÇÃO ITEM","UNIDADE ITEM","COEFICIENTE","PRECO UNITARIO","CUSTO TOTAL"]
[null,"INSUMO","COTAÇÃO","CONCRETO BETUMINOSO USINADO A QUENTE (CBUQ) PARA PAVIMENTACAO ASFALTICA, PADRAO DNIT, FAIXA C, COM CAP 50/70 - AQUISICAO POSTO USINA (FORNECIMENTO COM BDI DIFERENCIADO)","T","2,5548000",null,{"$f":"ROUNDDOWN(F191*G191,2)","v":0}]
[null,"COMPOSICAO","5835","VIBROACABADORA DE ASFALTO SOBRE ESTEIRAS, LARGURA DE PAVIMENTAÇÃO 1,90 M A 5,30 M, POTÊNCIA 105 HP CAPACIDADE 450 T/H","CHP","0,0464000","396,75",18.399999999999999]
[null,"COMPOSICAO","5837","VIBROACABADORA DE ASFALTO SOBRE ESTEIRAS, LARGURA DE PAVIMENTAÇÃO 1,90 M A 5,30 M, POTÊNCIA 105 HP CAPACIDADE 450 T/H ","CHI","0,0949000","165,12",15.66]
[null,"COMPOSICAO","88314","RASTELEIRO COM ENCARGOS COMPLEMENTARES","H","1,1301000","26,52",29.97]
[null,"COMPOSICAO","91386","CAMINHÃO BASCULANTE 10 M3, TRUCADO CABINE SIMPLES, PESO BRUTO TOTAL 23.000 KG, CARGA ÚTIL MÁXIMA 15.935 KG, DISTÂNCIA ENTRE EIXOS 4,80 M, POTÊNCIA 230 CV INCLUSIVE CAÇAMBA METÁLICA ","CHP","0,0464000","252,13",11.69]
[null,"COMPOSICAO","95631","ROLO COMPACTADOR VIBRATORIO TANDEM, ACO LISO, POTENCIA 125 HP, PESO SEM/COM LASTRO 10,20/11,65 T, LARGURA DE TRABALHO 1,73 M","CHP","0,0805000","228,02",18.350000000000001]
[null,"COMPOSICAO","95632","ROLO COMPACTADOR VIBRATORIO TANDEM, ACO LISO, POTENCIA 125 HP, PESO SEM/COM LASTRO 10,20/11,65 T, LARGURA DE TRABALHO 1,73 M","CHI","0,0607000","89,32",5.42]
[null,"COMPOSICAO","96155","TRATOR DE PNEUS COM POTÊNCIA DE 85 CV, TRAÇÃO 4X4, COM VASSOURA MECÂNICA ACOPLADA","CHI","0,1071000","61,42",6.57]
[null,"COMPOSICAO","96157","TRATOR DE PNEUS COM POTÊNCIA DE 85 CV, TRAÇÃO 4X4, COM VASSOURA MECÂNICA ACOPLADA","CHP","0,0341000","144,29",4.92]
[null,"COMPOSICAO","96463","ROLO COMPACTADOR DE PNEUS, ESTATICO, PRESSAO VARIAVEL, POTENCIA 110 HP, PESO SEM/COM LASTRO 10,8/27 T, LARGURA DE ROLAGEM 2,30 M ","CHP","0,0419000","218,21",9.14]
[null,"COMPOSICAO","96464","ROLO COMPACTADOR DE PNEUS, ESTATICO, PRESSAO VARIAVEL, POTENCIA 110 HP, PESO SEM/COM LASTRO 10,8/27 T, LARGURA DE ROLAGEM 2,30 M ","CHI","0,0990000","95,83",9.48]
[{"$nulls":7},0]
[null,"PRODUÇÃO DA EQUIPE",null,null,1,"CUSTO ",null,{"$f":"SUM(H191:H202)","v":129.6}]
[null,"TOTAL",{"$nulls":5},{"$f":"H203/E203","v":129.6},"OK"]
[null,"BDI                %",{"$nulls":5},{"$f":"1+$M$1","v":1.2122999999999999}]
[null,"TOTAL DO SERVIÇO - R$",{"$nulls":5},{"$f":"ROUND(H204*H205,2)","v":157.11000000000001}]
[]
[13,"CODEVASF",null,null," COMPOSIÇÃO DE PREÇO UNITÁRIO",null,null,null,{"$f":"H217","v":0.73},{"$f":"H219","v":0.88}]
[null,"OBRA:  ",{"$f":"$C$2","v":"LONTRA - PAVIMENTAÇÃO ASFÁLTICA EM CBUQ - VIAS DIVERSAS "},null,null,null,"DATA: ",{"$f":"$H$2","v":" OUTUBRO / 2023   "}]
[null,"SERVIÇO:  ",{"$f":"VLOOKUP(A208,ORÇAMENTO!$A$10:$I$29,3)","v":"TRANSPORTE COM CAMINHÃO BASCULANTE, EM VIA URBANA PAVIMENTADA"},null,"SINAPI",{"$f":"VLOOKUP(A208,ORÇAMENTO!$A$10:$I$29,4)","v":95427},"UNIDADE: ",{"$f":"VLOOKUP(A208,ORÇAMENTO!$A$10:$I$29,5)","v":"M3XKM"}]
[]
[null,"TIPO ITEM","CODIGO ITEM","DESCRIÇÃO ITEM","UNIDADE ITEM","COEFICIENTE","PRECO UNITARIO","CUSTO TOTAL"]
[null,"COMPOSICAO","89883","CAMINHÃO BASCULANTE 18 M3, COM CAVALO MECÂNICO DE CAPACIDADE MÁXIMA DE TRAÇÃO COMBINADO DE 45000 KG, POTÊNCIA 330 CV, INCLUSIVE SEMIREBOQUE COM CAÇAMBA METÁLICA","CHP","0,0019000",348.45,{"$f":"ROUNDDOWN(F213*G213,2)","v":0.66}]
[null,"COMPOSICAO","89884","CAMINHÃO BASCULANTE 18 M3, COM CAVALO MECÂNICO DE CAPACIDADE MÁXIMA DE TRAÇÃO COMBINADO DE 45000 KG, POTÊNCIA 330 CV, INCLUSIVE SEMIREBOQUE COM CAÇAMBA METÁLICA","CHI","0,0008000",93.65,{"$f":"ROUNDDOWN(F214*G214,2)","v":7.0000000000000007E-2}]
[{"$nulls":7},{"$f":"ROUNDDOWN(F215*G215,2)","v":0}]
[null,"PRODUÇÃO DA EQUIPE",null,null,1,"CUSTO ",null,{"$f":"SUM(H213:H215)","v":0.73}]
[null,"TOTAL",{"$nulls":5},{"$f":"H216/E216","v":0.73},"OK"]
[null,"BDI                %",{"$nulls":5},{"$f":"1+$M$1","v":1.2122999999999999}]
[null,"TOTAL DO SERVIÇO - R$",{"$nulls":5},{"$f":"ROUND(H217*H218,2)","v":0.88}]
[]
[13.5,"CODEVASF",null,null," COMPOSIÇÃO DE PREÇO UNITÁRIO",null,null,null,{"$f":"H230","v":1.07},{"$f":"H232","v":1.3}]
[null,"OBRA:  ",{"$f":"$C$2","v":"LONTRA - PAVIMENTAÇÃO ASFÁLTICA EM CBUQ - VIAS DIVERSAS "},null,null,null,"DATA: ",{"$f":"$H$2","v":" OUTUBRO / 2023   "}]
[null,"SERVIÇO:  ",{"$f":"VLOOKUP(A221,ORÇAMENTO!$A$10:$I$29,3)","v":"TRANSPORTE COM CAMINHÃO BASCULANTE, EM VIA URBANA EM REVESTIMENTO PRIMÁRIO"},null,"SINAPI",{"$f":"VLOOKUP(A221,ORÇAMENTO!$A$10:$I$29,4)","v":95426},"UNIDADE: ",{"$f":"VLOOKUP(A221,ORÇAMENTO!$A$10:$I$29,5)","v":"M3XKM"}]
[]
[null,"TIPO ITEM","CODIGO ITEM","DESCRIÇÃO ITEM","UNIDADE ITEM","COEFICIENTE","PRECO UNITARIO","CUSTO TOTAL"]
[null,"COMPOSICAO","89883","CAMINHÃO BASCULANTE 18 M3, COM CAVALO MECÂNICO DE CAPACIDADE MÁXIMA DE TRAÇÃO COMBINADO DE 45000 KG, POTÊNCIA 330 CV, INCLUSIVE SEMIREBOQUE COM CAÇAMBA METÁLICA","CHP",2.5000000000000001E-3,348.45,{"$f":"ROUNDDOWN(F226*G226,2)","v":0.87}]
[null,"COMPOSICAO","89884","CAMINHÃO BASCULANTE 18 M3, COM CAVALO MECÂNICO DE CAPACIDADE MÁXIMA DE TRAÇÃO COMBINADO DE 45000 KG, POTÊNCIA 330 CV, INCLUSIVE SEMIREBOQUE COM CAÇAMBA METÁLICA","CHI","0,0022000",93.65,{"$f":"ROUNDDOWN(F227*G227,2)","v":0.2}]
[{"$nulls":7},{"$f":"ROUNDDOWN(F228*G228,2)","v":0}]
[null,"PRODUÇÃO DA EQUIPE",null,null,1,"CUSTO ",null,{"$f":"SUM(H226:H228)","v":1.07}]
[null,"TOTAL",{"$nulls":5},{"$f":"H229/E229","v":1.07},"OK"]
[null,"BDI                %",{"$nulls":5},{"$f":"1+$M$1","v":1.2122999999999999}]
[null,"TOTAL DO SERVIÇO - R$",{"$nulls":5},{"$f":"ROUND(H230*H231,2)","v":1.3}]
[]
[14,"CODEVASF",null,null," COMPOSIÇÃO DE PREÇO UNITÁRIO",null,null,null,{"$f":"H243","v":2.12},{"$f":"H245","v":2.57}]
[null,"OBRA:  ",{"$f":"$C$2","v":"LONTRA - PAVIMENTAÇÃO ASFÁLTICA EM CBUQ - VIAS DIVERSAS "},null,null,null,"DATA: ",{"$f":"$H$2","v":" OUTUBRO / 2023   "}]
[null,"SERVIÇO:  ",{"$f":"VLOOKUP(A234,ORÇAMENTO!$A$10:$I$29,3)","v":"TRANSPORTE COM CAMINHÃO CARROCERIA 9T, EM VIA URBANA PAVIMENTADA"},null,"SINAPI",{"$f":"VLOOKUP(A234,ORÇAMENTO!$A$10:$I$29,4)","v":100947},"UNIDADE: ",{"$f":"VLOOKUP(A234,ORÇAMENTO!$A$10:$I$29,5)","v":"TXKM"}]
[]
[null,"TIPO ITEM","CODIGO ITEM","DESCRIÇÃO ITEM","UNIDADE ITEM","COEFICIENTE","PRECO UNITARIO","CUSTO TOTAL"]
[null,"COMPOSICAO","5824","CAMINHÃO TOCO, PBT 16.000 KG, CARGA ÚTIL MÁX. 10.685 KG, DIST. ENTRE EIXOS 4,8 M, POTÊNCIA 189 CV, INCLUSIVE CARROCERIA FIXA ABERTA DE MADEIRA P/ TRANSPORTE GERAL DE CARGA SECA, DIMEN. APROX. 2,5 X 7,00 X 0,50 M ","CHP","0,0093000",202.74,{"$f":"ROUNDDOWN(F239*G239,2)","v":1.88}]
[null,"COMPOSICAO","5826","CAMINHÃO TOCO, PBT 16.000 KG, CARGA ÚTIL MÁX. 10.685 KG, DIST. ENTRE EIXOS 4,8 M, POTÊNCIA 189 CV, INCLUSIVE CARROCERIA FIXA ABERTA DE MADEIRA P/ TRANSPORTE GERAL DE CARGA SECA, DIMEN. APROX. 2,5 X 7,00 X 0,50 M ","CHI","0,0040000",60.95,{"$f":"ROUNDDOWN(F240*G240,2)","v":0.24}]
[{"$nulls":7},{"$f":"ROUNDDOWN(F241*G241,2)","v":0}]
[null,"PRODUÇÃO DA EQUIPE",null,null,1,"CUSTO ",null,{"$f":"SUM(H239:H241)","v":2.12}]
[null,"TOTAL",{"$nulls":5},{"$f":"H242/E242","v":2.12},"OK"]
[null,"BDI                %",{"$nulls":5},{"$f":"1+$M$1","v":1.2122999999999999}]
[null,"TOTAL DO SERVIÇO - R$",{"$nulls":5},{"$f":"ROUND(H243*H244,2)","v":2.57}]
[]
[15,"CODEVASF",null,null," COMPOSIÇÃO DE PREÇO UNITÁRIO",null,null,null,{"$f":"H255","v":0.52},{"$f":"H257","v":0.6}]
[null,"OBRA:  ",{"$f":"$C$2","v":"LONTRA - PAVIMENTAÇÃO ASFÁLTICA EM CBUQ - VIAS DIVERSAS "},null,null,null,"DATA: ",{"$f":"$H$2","v":" OUTUBRO / 2023   "}]
[null,"SERVIÇO:  ",{"$f":"VLOOKUP(A247,ORÇAMENTO!$A$10:$I$29,3)","v":"TRANSPORTE COM CAMINHÃO TANQUE DE TRANSPORTE DE MATERIAL ASFÁLTICO DE 30000 L, EM VIA URBANA PAVIMENTADA (BDI DIFERENCIADO)"},null,"SINAPI",{"$f":"VLOOKUP(A247,ORÇAMENTO!$A$10:$I$29,4)","v":102331},"UNIDADE: ",{"$f":"VLOOKUP(A247,ORÇAMENTO!$A$10:$I$29,5)","v":"TXKM"}]
[]
[null,"TIPO ITEM","CODIGO ITEM","DESCRIÇÃO ITEM","UNIDADE ITEM","COEFICIENTE","PRECO UNITARIO","CUSTO TOTAL"]
[null,"COMPOSICAO","91645","CAMINHÃO DE TRANSPORTE DE MATERIAL ASFÁLTICO 30.000 L, COM CAVALO MECÂNICO DE CAPACIDADE MÁXIMA DE TRAÇÃO COMBINADO DE 66.000 KG, POTÊNCIA 360 CV, INCLUSIVE TANQUE DE ASFALTO COM SERPENTINA ","CHP","0,0011000","442,21",{"$f":"ROUNDDOWN(F252*G252,2)","v":0.48}]
[null,"COMPOSICAO","91646","CAMINHÃO DE TRANSPORTE DE MATERIAL ASFÁLTICO 30.000 L, COM CAVALO MECÂNICO DE CAPACIDADE MÁXIMA DE TRAÇÃO COMBINADO DE 66.000 KG, POTÊNCIA 360 CV, INCLUSIVE TANQUE DE ASFALTO COM SERPENTINA ","CHI","0,0005000","98,91",{"$f":"ROUNDDOWN(F253*G253,2)","v":0.04}]
[null,"PRODUÇÃO DA EQUIPE",null,null,1,"CUSTO ",null,{"$f":"SUM(H252:H253)","v":0.52}]
[null,"TOTAL",{"$nulls":5},{"$f":"H254/E254","v":0.52},"OK"]
[null,"BDI                %",{"$nulls":5},{"$f":"1+$M$2","v":1.1499999999999999}]
[null,"TOTAL DO SERVIÇO - R$",{"$nulls":5},{"$f":"ROUND(H255*H256,2)","v":0.6}]
[]
[16,"CODEVASF",null,null," COMPOSIÇÃO DE PREÇO UNITÁRIO",null,null,null,{"$f":"H274","v":57.319999999999986},{"$f":"H276","v":69.489999999999995}]
[null,"OBRA:  ",{"$f":"$C$2","v":"LONTRA - PAVIMENTAÇÃO ASFÁLTICA EM CBUQ - VIAS DIVERSAS "},null,null,null,"DATA: ",{"$f":"$H$2","v":" OUTUBRO / 2023   "}]
[null,"SERVIÇO:  ",{"$f":"VLOOKUP(A259,ORÇAMENTO!$A$10:$I$29,3)","v":"GUIA (MEIO-FIO) E SARJETA CONJUGADOS DE CONCRETO, MOLDADA IN LOCO COM EXTRUSORA, 45 CM BASE (15 CM BASE DA GUIA + 30 CM BASE DA SARJETA) X 22 CM ALTURA"},null,"SINAPI",{"$f":"VLOOKUP(A259,ORÇAMENTO!$A$10:$I$29,4)","v":94267},"UNIDADE: ",{"$f":"VLOOKUP(A259,ORÇAMENTO!$A$10:$I$29,5)","v":"M"}]
[]
[null,"TIPO ITEM","CODIGO ITEM","DESCRIÇÃO ITEM","UNIDADE ITEM","COEFICIENTE","PRECO UNITARIO","CUSTO TOTAL"]
[null,"INSUMO","370","AREIA MEDIA - POSTO JAZIDA/FORNECEDOR (RETIRADO NA JAZIDA, SEM TRANSPORTE)","M3","0,0150000","97,50",{"$f":"ROUNDDOWN(F264*G264,2)","v":1.46}]
[null,"INSUMO","34492","CONCRETO USINADO BOMBEAVEL, CLASSE DE RESISTENCIA C20, COM BRITA 0 E 1, SLUMP = 100 +/- 20 MM","M3","0,0630000","550,00",34.65]
[null,"COMPOSICAO","88243","AJUDANTE ESPECIALIZADO COM ENCARGOS COMPLEMENTARES","H","0,1090000","21,76",2.37]
[null,"COMPOSICAO","88309","PEDREIRO COM ENCARGOS COMPLEMENTARES","H","0,2440000","27,45",6.69]
[null,"COMPOSICAO","88316","SERVENTE COM ENCARGOS COMPLEMENTARES","H",0.48699999999999999,"19,76",9.6199999999999992]
[null,"COMPOSICAO","88631","ARGAMASSA TRAÇO 1:4 (EM VOLUME DE CIMENTO E AREIA MÉDIA ÚMIDA), PREPARO MANUAL","M3","0,0030000","575,87",1.72]
[null,"COMPOSICAO","92960","MÁQUINA EXTRUSORA DE CONCRETO PARA GUIAS E SARJETAS, MOTOR A DIESEL, POTÊNCIA 14 CV ","CHP","0,0180000","18,46",0.33]
[null,"COMPOSICAO","92961","MÁQUINA EXTRUSORA DE CONCRETO PARA GUIAS E SARJETAS, MOTOR A DIESEL, POTÊNCIA 14 CV","CHI","0,0910000","5,38",0.48]
[{"$nulls":7},0]
[null,"PRODUÇÃO DA EQUIPE",null,null,1,"CUSTO ",null,{"$f":"SUM(H264:H272)","v":57.319999999999986}]
[null,"TOTAL",{"$nulls":5},{"$f":"H273/E273","v":57.319999999999986},"OK"]
[null,"BDI                %",{"$nulls":5},{"$f":"1+$M$1","v":1.2122999999999999}]
[null,"TOTAL DO SERVIÇO - R$",{"$nulls":5},{"$f":"ROUND(H274*H275,2)","v":69.489999999999995}]
[]
[17,"CODEVASF",null,null," COMPOSIÇÃO DE PREÇO UNITÁRIO",null,null,null,{"$f":"H292","v":444.73},{"$f":"H294","v":539.15}]
[null,"OBRA:  ",{"$f":"$C$2","v":"LONTRA - PAVIMENTAÇÃO ASFÁLTICA EM CBUQ - VIAS DIVERSAS "},null,null,null,"DATA: ",{"$f":"$H$2","v":" OUTUBRO / 2023   "}]
[null,"SERVIÇO:  ",{"$f":"VLOOKUP(A278,ORÇAMENTO!$A$10:$I$34,3)","v":"FORNECIMENTO E INSTALAÇÃO DE PLACA DE SINALIZAÇÃO VIÁRIA - REGULAMENTAÇÃO OCTOGONAL (PARE) 0,60MX0,60M"},null,"SINAPI",{"$f":"VLOOKUP(A278,ORÇAMENTO!$A$10:$I$38,4)","v":"CPU.4"},"UNIDADE: ","UN."]
[]
[null,"TIPO ITEM","CODIGO ITEM","DESCRIÇÃO ITEM","UNIDADE ITEM","COEFICIENTE","PRECO UNITARIO","CUSTO TOTAL"]
[null,"COMPOSICAO",94962,"CONCRETO MAGRO PARA LASTRO, TRAÇO 1:4,5:4,5 (EM MASSA SECA DE CIMENTO/ AREIA / BRITA 1)","M3",2.4E-2,402.82,{"$f":"ROUNDDOWN(F283*G283,2)","v":9.66}]
[null,"COMPOSICAO",93358,"ESCAVAÇÃO MANUAL DE VALA COM PROFUNDIDADE MENOR OU IGUAL A 1,30 M","M3",2.4E-2,78.17,1.87]
[null,"COMPOSICAO",88309,"PEDREIRO COM ENCARGOS COMPLEMENTARES","H",0.2,27.45,5.49]
[null,"COMPOSICAO",88316,"SERVENTE COM ENCARGOS COMPLEMENTARES","H",1,19.760000000000002,19.760000000000002]
[null,"COMPOSICAO",103670,"LANÇAMENTO COM USO DE BALDES, ADENSAMENTO E ACABAMENTO DE CONCRETO EM ESTRUTURAS","M3",2.4E-2,281.77999999999997,6.76]
[null,"INSUMO",34723,"PLACA DE SINALIZACAO EM CHAPA DE ACO NUM 16 COM PINTURA REFLETIVA (CIRCULAR - D=50CM) ","M2",{"$f":"4*0.25*0.3","v":0.3},577.5,173.25]
[null,"INSUMO",21013,"TUBO AÇO GALVANIZADO COM COSTURA, CLASSE LEVE, DN 50 MM ( 2\")E = 3,00 MM, 4,40 KG/M","M",3,75.98,227.94]
[{"$nulls":7},0]
[null,"PRODUÇÃO DA EQUIPE",null,null,1,"CUSTO ",null,{"$f":"SUM(H283:H290)","v":444.73}]
[null,"TOTAL",{"$nulls":5},{"$f":"H291/E291","v":444.73},"OK"]
[null,"BDI                %",{"$nulls":5},{"$f":"1+$M$1","v":1.2122999999999999}]
[null,"TOTAL DO SERVIÇO - R$",{"$nulls":5},{"$f":"ROUND(H292*H293,2)","v":539.15}]
[]
[19,"CODEVASF",null,null," COMPOSIÇÃO DE PREÇO UNITÁRIO",null,null,null,{"$f":"H310","v":5.84},{"$f":"H312","v":7.08}]
[null,"OBRA:  ",{"$f":"$C$2","v":"LONTRA - PAVIMENTAÇÃO ASFÁLTICA EM CBUQ - VIAS DIVERSAS "},null,null,null,"DATA: ",{"$f":"$H$2","v":" OUTUBRO / 2023   "}]
[null,"SERVIÇO:  ",{"$f":"VLOOKUP(A296,ORÇAMENTO!$A$10:$I$34,3)","v":"PINTURA DE EIXO VIÁRIO SOBRE ASFALTO COM TINTA RETRORREFLETIVA A BASE DE RESINA ACRÍLICA COM MICROESFERAS DE VIDRO, APLICAÇÃO MECÂNICA COM DEMARCADORA AUTOPROPELIDA"},null,"SICRO",{"$f":"VLOOKUP(A296,ORÇAMENTO!$A$10:$I$38,4)","v":102512},"UNIDADE: ",{"$f":"VLOOKUP(A296,ORÇAMENTO!$A$10:$I$38,5)","v":"M"}]
[]
[null,"TIPO ITEM","CODIGO ITEM","DESCRIÇÃO ITEM","UNIDADE ITEM","COEFICIENTE","PRECO UNITARIO","CUSTO TOTAL"]
[null,"INSUMO","5318","DILUENTE AGUARRAS","L","0,0020000","25,91",{"$f":"ROUNDDOWN(F301*G301,2)","v":0.05}]
[null,"INSUMO","7343","TINTA ACRILICA A BASE DE SOLVENTE, PARA SINALIZACAO HORIZONTAL VIARIA (NBR 11862)","L","0,0430000","17,82",0.76]
[null,"INSUMO","44477","MICROESFERAS DE VIDRO PARA SINALIZACAO HORIZONTAL VIARIA, TIPO II-A (DROP-ON)","KG","0,0250000","10,74",0.26]
[null,"INSUMO","44478","MICROESFERAS DE VIDRO PARA SINALIZACAO HORIZONTAL VIARIA, TIPO I-B (PREMIX)","KG","0,0110000","10,74",0.11]
[null,"COMPOSICAO","88310","PINTOR COM ENCARGOS COMPLEMENTARES","H","0,0340000","28,66",0.97]
[null,"COMPOSICAO","88316","SERVENTE COM ENCARGOS COMPLEMENTARES","H","0,0140000","19,76",0.27]
[null,"COMPOSICAO","95133","MÁQUINA DEMARCADORA DE FAIXA DE TRÁFEGO À FRIO, AUTOPROPELIDA, POTÊNCIA 38 HP","CHP","0,0003000","186,11",0.05]
[null,"COMPOSICAO","96159","MÁQUINA DEMARCADORA DE FAIXA DE TRÁFEGO À FRIO, AUTOPROPELIDA, POTÊNCIA 38 HP","CHI","0,0334000","100,90",3.37]
[null,"PRODUÇÃO DA EQUIPE",null,null,1,"CUSTO ",null,{"$f":"SUM(H301:H308)","v":5.84}]
[null,"TOTAL",{"$nulls":5},{"$f":"H309/E309","v":5.84},"OK"]
[null,"BDI                %",{"$nulls":5},{"$f":"1+$M$1","v":1.2122999999999999}]
[null,"TOTAL DO SERVIÇO - R$",{"$nulls":5},{"$f":"ROUND(H310*H311,2)","v":7.08}]
[]
[20,"CODEVASF",null,null," COMPOSIÇÃO DE PREÇO UNITÁRIO",null,null,null,{"$f":"H322","v":2689.76},{"$f":"H324","v":3093.22}]
[null,"OBRA:  ",{"$f":"$C$2","v":"LONTRA - PAVIMENTAÇÃO ASFÁLTICA EM CBUQ - VIAS DIVERSAS "},null,null,null,"DATA: ",{"$f":"$H$2","v":" OUTUBRO / 2023   "}]
[null,"SERVIÇO:  ",{"$f":"VLOOKUP(A314,ORÇAMENTO!$A$10:$I$43,3)","v":"AQUISIÇÃO DE EMULSÃO ASFÁLTICA PARA IMPRIMAÇÃO (EAI) - EXCLUSIVE TRANSPORTE"},null,"ANP",{"$f":"VLOOKUP(A314,ORÇAMENTO!$A$10:$I$43,4)","v":"CPU.6"},"UNIDADE: ",{"$f":"VLOOKUP(A314,ORÇAMENTO!$A$10:$I$43,5)","v":"T"}]
[]
[null,"TIPO ITEM","CODIGO ITEM","DESCRIÇÃO ITEM","UNIDADE ITEM","COEFICIENTE","PRECO UNITARIO","CUSTO TOTAL"]
[null,"INSUMO","ANP","EMULSÃO ASFÁLTICA PARA IMPRIMAÇÃO (CUSTO ANP, INCLUINDO ICMS 18%)","T",1,{"$f":"2.20561*1000*1.2195122","v":2689.7683034420002},{"$f":"ROUNDDOWN(F319*G319,2)","v":2689.76}]
[{"$nulls":7},{"$f":"ROUNDDOWN(F320*G320,2)","v":0}]
[null,"PRODUÇÃO DA EQUIPE",null,null,1,"CUSTO ",null,{"$f":"SUM(H319:H320)","v":2689.76}]
[null,"TOTAL",{"$nulls":5},{"$f":"H321/E321","v":2689.76}]
[null,"BDI                %",{"$nulls":5},{"$f":"1+$M$2","v":1.1499999999999999}]
[null,"TOTAL DO SERVIÇO - R$",{"$nulls":5},{"$f":"ROUND(H322*H323,2)","v":3093.22},"OK"]
[]
[21,"CODEVASF",null,null," COMPOSIÇÃO DE PREÇO UNITÁRIO",null,null,null,{"$f":"H334","v":2706.7},{"$f":"H336","v":3112.71}]
[null,"OBRA:  ",{"$f":"$C$2","v":"LONTRA - PAVIMENTAÇÃO ASFÁLTICA EM CBUQ - VIAS DIVERSAS "},null,null,null,"DATA: ",{"$f":"$H$2","v":" OUTUBRO / 2023   "}]
[null,"SERVIÇO:  ",{"$f":"VLOOKUP(A326,ORÇAMENTO!$A$10:$I$43,3)","v":"AQUISIÇÃO DE EMULSAO ASFALTICA CATIONICA RR-1C - EXCLUSIVE TRANSPORTE"},null,"ANP",{"$f":"VLOOKUP(A326,ORÇAMENTO!$A$10:$I$43,4)","v":"CPU.7"},"UNIDADE: ",{"$f":"VLOOKUP(A326,ORÇAMENTO!$A$10:$I$43,5)","v":"T"}]
[]
[null,"TIPO ITEM","CODIGO ITEM","DESCRIÇÃO ITEM","UNIDADE ITEM","COEFICIENTE","PRECO UNITARIO","CUSTO TOTAL"]
[null,"INSUMO","ANP","EMULSÃO ASFÁLTICA CATIÔNICA RR-1C(CUSTO ANP, INCLUINDO ICMS 18%)","T",1,{"$f":"2.2195*1.2195122*1000","v":2706.7073279000001},{"$f":"ROUNDDOWN(F331*G331,2)","v":2706.7}]
[{"$nulls":7},{"$f":"ROUNDDOWN(F332*G332,2)","v":0}]
[null,"PRODUÇÃO DA EQUIPE",null,null,1,"CUSTO ",null,{"$f":"SUM(H331:H331)","v":2706.7}]
[null,"TOTAL",{"$nulls":5},{"$f":"H333/E333","v":2706.7},"OK"]
[null,"BDI                %",{"$nulls":5},{"$f":"1+$M$2","v":1.1499999999999999}]
[null,"TOTAL DO SERVIÇO - R$",{"$nulls":5},{"$f":"ROUND(H334*H335,2)","v":3112.71}]
[]
[22,"CODEVASF",null,null," COMPOSIÇÃO DE PREÇO UNITÁRIO",null,null,null,{"$f":"H346","v":600},{"$f":"H348","v":690}]
[null,"OBRA:  ",{"$f":"$C$2","v":"LONTRA - PAVIMENTAÇÃO ASFÁLTICA EM CBUQ - VIAS DIVERSAS "},null,null,null,"DATA: ",{"$f":"$H$2","v":" OUTUBRO / 2023   "}]
[null,"SERVIÇO:  ",{"$f":"VLOOKUP(A338,ORÇAMENTO!$A$10:$I$43,3)","v":"AQUISIÇÃO DE CONCRETO BETUMINOSO USINADO A QUENTE (CBUQ) PARA PAVIMENTACAO ASFALTICA, PADRAO DNIT, FAIXA C, COM CAP 50/70 - EXCLUSIVE TRANSPORTE"},null,"COTAÇÃO",{"$f":"VLOOKUP(A338,ORÇAMENTO!$A$10:$I$43,4)","v":"CPU.8"},"UNIDADE: ",{"$f":"VLOOKUP(A338,ORÇAMENTO!$A$10:$I$43,5)","v":"T"}]
[]
[null,"TIPO ITEM","CODIGO ITEM","DESCRIÇÃO ITEM","UNIDADE ITEM","COEFICIENTE","PRECO UNITARIO","CUSTO TOTAL"]
[null,"INSUMO",1518,"CONCRETO BETUMINOSO USINADO A QUENTE (CBUQ) PARA PAVIMENTACAO ASFALTICA, PADRAO DNIT, FAIXA C, COM CAP 50/70 - AQUISICAO POSTO USINA","T",1,600,{"$f":"ROUNDDOWN(F343*G343,2)","v":600}]
[{"$nulls":7},{"$f":"ROUNDDOWN(F344*G344,2)","v":0}]
[null,"PRODUÇÃO DA EQUIPE",null,null,1,"CUSTO ",null,{"$f":"SUM(H343:H343)","v":600}]
[null,"TOTAL",{"$nulls":5},{"$f":"H345/E345","v":600},"OK"]
[null,"BDI                %",{"$nulls":5},{"$f":"1+$M$2","v":1.1499999999999999}]
[null,"TOTAL DO SERVIÇO - R$",{"$nulls":5},{"$f":"ROUND(H346*H347,2)","v":690}]

{"sheet":"BDI SERV","index":2,"n_rows":37,"n_cols":5,"rows_kept":37,"cut":false,"hidden":false,"merged":[[31,1,31,2],[32,0,34,5],[32,6,35,8],[36,0,36,5],[0,1,2,4],[3,1,4,1],[3,2,4,2],[28,0,28,5],[30,1,30,2]]}
[null,"DETALHAMENTO DO BDI - SERVIÇOS"]
[]
[]
[null,"Item","Descrição dos Serviços","%","%"]
[null,null,null,"PV","CD"]
[]
[null,1,"ADMINISTRAÇÃO CENTRAL"," ",4.01]
[null,"1.1","ESCRITÓRIO CENTRAL"," "," "]
[null,"1.2","VIAGENS"," "," "]
[null,"1.3","OUTROS"," "," "]
[null," "," "," "," "]
[null,2,"IMPOSTOS E TAXAS",{"$f":"SUM(D13:D16)","v":5.4499999999999993},{"$f":"SUM(E13:E16)","v":6.8100000000000005}]
[null,"2.1","ISS (*)",{"$f":"3*0.6","v":1.7999999999999998},{"$f":"ROUND(D13*1.2515,2)","v":2.25}]
[null,"2.2","PIS",0.65,{"$f":"ROUND(D14*1.2515,2)","v":0.81}]
[null,"2.3","Cofins",3,{"$f":"ROUND(D15*1.2515,2)","v":3.75}]
[null,"2.4","CONTRIBUIÇÃO PREVIDENCIÁRIA SOBRE A RENDA BRUTA",0,{"$f":"ROUND(D16*1.2515,2)","v":0}]
[]
[null,3,"TAXA DE RISCO"," ",{"$f":"SUM(E19:E22)","v":0.96}]
[null,"3.1","SEGURO",null,0.2]
[null,"3.2","RISCO",null,0.56000000000000005]
[null,"3.3","GARANTIA",null,0.2]
[]
[null,4,"DESPESAS FINANCEIRAS"," ",1.1100000000000001]
[]
[null,5,"LUCRO",null,8]
[]
[null," ","BDI - CALCULADO"," ",{"$f":"ROUND((((1+(E7+E18)/100)*(1+E23/100)*(1+E25/100)/(1-D12/100)-1)*100),2)","v":21.23}]
[]
["BDI = ((1+((AC+S+R+G)/100))x(1+DF/100)x(1+L/100)/(1-I/100)-1)*100"]
[]
[null,"BDI (CALCULADO):",null,{"$f":"ROUND((((1+((E7+E18)/100))*(1+E23/100)*(1+E25/100))/(1-D12/100)-1)*100,2)","v":21.23},"%"]
[null," "]
["(*) ISS CONFORME DECLARAÇÃO ENVIADA PELA PREFEITURA\n(QUANT. ESTIMADA MATERIAL = 40,0% - MAT.ASFÁLTICO COM BDI DIFERENCIADO)"]
[]
[]
[]
["BDI EM CONFORMIDADE COM OS ACÓRDÃOS Nº 2369/2011 e ACÓRDÃO Nº 2.622/2013 - TCU - PLENÁRIO"]

{"sheet":"BDI FORN","index":3,"n_rows":37,"n_cols":5,"rows_kept":37,"cut":false,"hidden":false,"merged":[[31,1,31,2],[32,0,34,5],[36,0,36,5],[0,1,2,4],[3,1,4,1],[3,2,4,2],[28,0,28,5],[30,1,30,2]]}
[null,"DETALHAMENTO DO BDI - FORNECIMENTO \n(MATERIAL ASFÁLTICO)"]
[]
[]
[null,"Item","Descrição dos Serviços","%","%"]
[null,null,null,"PV","CD"]
[]
[null,1,"ADMINISTRAÇÃO CENTRAL"," ",3.72]
[null,"1.1","ESCRITÓRIO CENTRAL"," "," "]
[null,"1.2","VIAGENS"," "," "]
[null,"1.3","OUTROS"," "," "]
[null," "," "," "," "]
[null,2,"IMPOSTOS E TAXAS",{"$f":"SUM(D13:D16)","v":3.65},{"$f":"SUM(E13:E16)","v":4.5600000000000005}]
[null,"2.1","ISS (*)",null,{"$f":"ROUND(D13*1.2515,2)","v":0}]
[null,"2.2","PIS",0.65,{"$f":"ROUND(D14*1.2515,2)","v":0.81}]
[null,"2.3","Cofins",3,{"$f":"ROUND(D15*1.2515,2)","v":3.75}]
[null,"2.4","CONTRIBUIÇÃO PREVIDENCIÁRIA SOBRE A RENDA BRUTA",0,{"$f":"ROUND(D16*1.2515,2)","v":0}]
[]
[null,3,"TAXA DE RISCO"," ",{"$f":"SUM(E19:E22)","v":0.82000000000000006}]
[null,"3.1","SEGURO",null,0.16]
[null,"3.2","RISCO",null,0.5]
[null,"3.3","GARANTIA",null,0.16]
[]
[null,4,"DESPESAS FINANCEIRAS"," ",0.94]
[]
[null,5,"LUCRO",null,5]
[]
[null," ","BDI - CALCULADO"," ",{"$f":"ROUND((((1+(E7+E18)/100)*(1+E23/100)*(1+E25/100)/(1-D12/100)-1)*100),2)","v":15}]
[]
["BDI = ((1+((AC+S+R+G)/100))x(1+DF/100)x(1+L/100)/(1-I/100)-1)*100"]
[]
[null,"BDI (CALCULADO):",null,{"$f":"ROUND((((1+((E7+E18)/100))*(1+E23/100)*(1+E25/100))/(1-D12/100)-1)*100,2)","v":15},"%"]
[null," "]
[]
[]
[]
[]
["BDI EM CONFORMIDADE COM OS ACÓRDÃOS Nº 2369/2011 e ACÓRDÃO Nº 2.622/2013 - TCU - PLENÁRIO"]

{"sheet":"CRONOGRAMA","index":4,"n_rows":19,"n_cols":10,"rows_kept":19,"cut":false,"hidden":false,"merged":[[0,1,0,9],[1,1,2,1],[1,2,2,4],[1,6,1,9],[2,6,2,9],[3,1,3,8],[5,0,6,0],[5,1,6,1],[5,2,6,2],[7,0,8,0],[7,1,8,1],[7,2,8,2],[9,0,10,0],[9,1,10,1],[9,2,10,2],[11,0,12,0],[11,1,12,1],[11,2,12,2],[13,0,14,0],[13,1,14,1],[13,2,14,2],[15,1,16,2],[18,1,22,9]]}
[null,"CRONOGRAMA FÍSICO-FINANCEIRO"]
[null,"OBRA: ",{"$f":"ORÇAMENTO!C5","v":"LONTRA - PAVIMENTAÇÃO ASFÁLTICA EM CBUQ - VIAS DIVERSAS "},null,null,"VALOR:",{"$f":"ORÇAMENTO!I36","v":2664440.4300000002}]
[{"$nulls":5},"PRAZO: ","120 DIAS "]
[]
[null,"ITEM","ETAPAS/DESCRIÇAO","FISICO/  FINANCEIRO","TOTAL    ETAPAS","MÊS 1","MÊS 2","MÊS 3","MÊS 4","TOTAL"]
["A",{"$f":"VLOOKUP(A6,ORÇAMENTO!$A$9:$I$36,2)","v":1},{"$f":"VLOOKUP(A6,ORÇAMENTO!$A$9:$I$36,3)","v":"SERVIÇOS PRELIMINARES "},"FISICO ",{"$f":"ROUND(E7/$G$2,4)","v":5.1900000000000002E-2},0.25,0.25,0.25,0.25,{"$f":"SUM(F6:I6)","v":1}]
[null,null,null,"FINANCEIRO",{"$f":"ORÇAMENTO!I9","v":138320.34},{"$f":"ROUND($E$7*F6,2)","v":34580.089999999997},34580.089999999997,34580.089999999997,34580.089999999997,{"$f":"SUM(F7:I7)","v":138320.35999999999}]
["B",{"$f":"VLOOKUP(A8,ORÇAMENTO!$A$9:$I$36,2)","v":2},{"$f":"VLOOKUP(A8,ORÇAMENTO!$A$9:$I$36,3)","v":"TERRAPLANAGEM E PAVIMENTAÇÃO"},"FISICO ",{"$f":"ROUND(E9/$G$2,4)","v":0.2424},0.25,0.25,0.25,0.25,{"$f":"SUM(F8:I8)","v":1}]
[null,null,null,"FINANCEIRO",{"$f":"ORÇAMENTO!I15","v":645849.4},{"$f":"ROUND($E$9*F8,2)","v":161462.35},161462.35,161462.35,161462.35,{"$f":"SUM(F9:I9)","v":645849.4}]
["C",{"$f":"VLOOKUP(A10,ORÇAMENTO!$A$9:$I$36,2)","v":3},{"$f":"VLOOKUP(A10,ORÇAMENTO!$A$9:$I$36,3)","v":"TRANSPORTE DE MATERIAIS"},"FISICO ",{"$f":"ROUND(E11/$G$2,4)","v":8.1299999999999997E-2},0.25,0.25,0.25,0.25,{"$f":"SUM(F10:I10)","v":1}]
[null,null,null,"FINANCEIRO",{"$f":"ORÇAMENTO!I23","v":216644.01},{"$f":"ROUND($E$11*F10,2)","v":54161},54161,54161,54161,{"$f":"SUM(F11:I11)-0.04","v":216643.96}]
["D",{"$f":"VLOOKUP(A12,ORÇAMENTO!$A$9:$I$36,2)","v":4},{"$f":"VLOOKUP(A12,ORÇAMENTO!$A$9:$I$36,3)","v":"OBRAS COMPLEMENTARES"},"FISICO ",{"$f":"ROUND(E13/$G$2,4)","v":0.23180000000000001},0,0.3,0.4,0.3,{"$f":"SUM(F12:I12)","v":1}]
[null,null,null,"FINANCEIRO",{"$f":"ORÇAMENTO!I28","v":617500.75},{"$f":"ROUND($E$13*F12,2)","v":0},185250.23,247000.3,185250.23,{"$f":"SUM(F13:I13)-0.02","v":617500.74}]
["E",{"$f":"VLOOKUP(A14,ORÇAMENTO!$A$9:$I$36,2)","v":5},{"$f":"VLOOKUP(A14,ORÇAMENTO!$A$9:$I$36,3)","v":"FORNECIMENTOS - MATERIAL ASFÁLTICO (BDI DIFERENCIADO)"},"FISICO ",{"$f":"ROUND(E15/$G$2,4)","v":0.3926},0.25,0.25,0.25,0.25,{"$f":"SUM(F14:I14)","v":1}]
[null,null,null,"FINANCEIRO",{"$f":"ORÇAMENTO!I32","v":1046125.93},{"$f":"ROUND($E$15*F14,2)","v":261531.48},261531.48,261531.48,261531.48,{"$f":"SUM(F15:I15)-0.02","v":1046125.9}]
[null,"TOTAL",null,"FISICO ",{"$f":"SUM(F16:I16)","v":1.0000000037531334},{"$f":"F17/$E$17","v":0.19206093491082479},0.26158781489440169,0.2847634390535051,0.26158781489440169,{"$f":"SUM(F16:I16)","v":1.0000000037531334}]
[null,null,null,"FINANCEIRO",{"$f":"E11+E9+E7+E13+E15","v":2664440.4300000002},511734.92000000004,696985.15,758735.22,696985.15,{"$f":"SUM(F17:I17)-0.01","v":2664440.4300000002}]
[]
[null,"OBSERVAÇÕES:"]